| Registos Bibliográficos associados ao registo de autoridade |
|
Etiqueta de registo: 00677cam 02200217 04500 001 19152 003 http://id.bnportugal.gov.pt/bib/catbnp/19152 021 ## $aPT$b7840/85 021 ## $aPT$b9991/85 100 ## $a19850501d1985 m a0pora01030103ba 101 0# $apor 102 ## $aPT 105 ## $ay z 000yy 106 ## $ar 200 1# $aAntologia$fRaúl Proença$gpref., sel. e notas de António Reis 210 #9 $aLisboa$cMinistério da Cultura$c Direcção Geral da Comunicação Social,$d1985 215 ## $a2 v.$d21 cm 675 ## $a869.0-8 Proença, R.$vmed$zpor$3294635 675 ## $a92 Proença, R.$vmed$zpor$3294617 700 #1 $aProença,$bRaúl,$f1884-1941$319283 702 #1 $aReis,$bAntónio,$f1948-$4220$325688 801 #0 $aPT$bBN$gRPC 856 41 $uhttp://rnod.bnportugal.gov.pt/ImagesBN/winlibimg.aspx?skey=&doc=19152&img=210833&save=true 966 ## $b002$d1º v.$lBN$mFGMON$sH.G. 88255 V.$x1 966 ## $b002$d1º v.$lBN$mFGMON$sH.G. 88255 V.-D$x1 966 ## $b002$d2º v.$lBN$mFGMON$sH.G. 88256 V.$x1 966 ## $b002$d2º v.$lBN$mFGMON$sH.G. 88256 V.-D$x1 966 ## $b003$d2º v.$lBN$mFGMON$pGabinete Fátima Lopes$sH.G. 88257 V.$x3 966 ## $b001$d1º v.$lBN$mFGMON$sTR. 5575-1 V. $x3 966 ## $b001$d2º v.$lBN$mFGMON$sTR. 5575-2 V. $x3 972 ## $e0$z0$d20250811$vlrevez 997 ## $aBIBEOD 998 ## $aFSE43 - 00278
Etiqueta de registo: 00588cam 2200181 450 001 1033625 003 http://id.bnportugal.gov.pt/bib/catbnp/1033625 005 20000926000000.0 100 ## $a20000926d1927 m y0pory0103 ba 101 0# $apor 102 ## $aPT 106 ## $ar 200 1# $aAinda a ditadura militar$edemonstração scientifica da nocividade das ditaduras militares, e algumas amabilidades
sobrecelentes$fRaúl Proença 210 #9 $aLisboa$c[s.n.],$d1927$eLisboa :$gMiguel da Cruz) 215 ## $a47 p.$d19 cm 225 2# $aPanfletos$v2 700 #1 $aProença,$bRaúl,$f1884-1941$319283 801 #0 $aPT$bBN$gRPC 966 ## $lBN$mFGMON$sH.G. 19291//19 V. $x0 997 ## $aBIBEOD
Etiqueta de registo: 00729cam 02200229 04500 001 469493 003 http://id.bnportugal.gov.pt/bib/catbnp/469493 005 20000829122500.0 095 ## $aPTBN00672059 100 ## $a19941117f19 9999km y0pory0103 ba 101 0# $apor 102 ## $aPT 200 1# $aPáginas de política$fRaúl Proença$gpref. Câmara Reis 210 #9 $a[S.l.$cs.n.,$d19--]-$eLisboa :$gTip. Seara Nova) 215 ## $av.$d20 cm 325 1# $aBraille impresso (grau 2). - Lisboa : BN, 1973. - 3 vol. ; 36 cm. - Cota ALDV: 463bl_001-463bl_003 339 ## $aBNP $bBraille impresso (grau 2) $c $dNao $e463bl_001-463bl_003 700 #1 $aProença,$bRaúl,$f1884-1941$319283 702 #1 $aReis,$bCâmara,$f1885-1961$4080$3106047 801 #0 $aPT$bBN$gRPC 966 ## $lBN$mFGMON$sC.G. 5108 P. 966 ## $d2v$lBN$mINVISU$s463 1263$x0 966 ## $d3v$lBN$mINVISU$s463 1264$x0 966 ## $lBN$mINVISU$s463bl_001-463bl_003 $x0 997 ## $aBIBEOD
Etiqueta de registo: 00470cam 02200181 04500 001 282410 003 http://id.bnportugal.gov.pt/bib/catbnp/282410 100 ## $a19970606d1940 m y0pory01030103ba 101 0# $apor 102 ## $aPT 105 ## $aa z 000yy 106 ## $ar 200 1# $a As estradas de Portugal$fRaúl Proença 210 #9 $aPorto$cLello & Irmão,$d[1940] 215 ## $a1 v.$cil.$d25 cm 675 ## $a656.11(469)$vBN$zpor$3482569 700 #1 $aProença,$bRaúl,$f1884-1941$319283 801 #0 $aPT$bBN$gRPC 966 ## $lBN$mFGMON$sB.R. 15236 966 ## $lBN$mFGMON$sS.A. 179804 V.$x6 972 ## $e2$z0$d20220405$vasantos 973 ## $canasil$d20220217 974 ## $e0$d20220218$vaalmeid 997 ## $aBIBEOD
Etiqueta de registo: 00695cam 22002171 450 001 853113 003 http://id.bnportugal.gov.pt/bib/catbnp/853113 005 20020511131400.0 095 ## $aPTBN00607682 100 ## $a19910206d19821988k y0pory0103 ba 101 0# $apor 102 ## $aPT 105 ## $ay z 001yy 106 ## $ar 200 1# $aGuia de Portugal$fRaul Proença$gapres. e notas de Sant'Anna Dionísio 210 #9 $aLisboa$cFundação Calouste Gulbenkian,$dimp. 1982-1988 215 ## $a8 v.$cil.$d17 cm 327 1# $a1º v.: Generalidades, Lisboa e arredores$a2º v.: Estremadura, Alentejo, Algarve 675 ## $a908(469)(036)$vBN$zpor$3904664 700 #1 $aProença,$bRaúl,$f1884-1941$319283 702 #1 $aDionísio,$bSantana,$f1902-1991$4450$4212$329110 801 #0 $aPT$bBN$gRPC 966 ## $b001$d1º v.$lBN$mFGMON$nExiste exemplar em livre acesso na Sala de Leitura Geral$pBiblioteca Cordeiro Pereira$sTR. 7156 P.$x3 997 ## $aBIBEOD
Etiqueta de registo: 01671cam 2200445 450 001 823741 003 http://id.bnportugal.gov.pt/bib/catbnp/823741 100 ## $a19930720g19241970m a0pory0103 ba 101 0# $apor 102 ## $aPT 105 ## $aab g 001yy 106 ## $ar 200 1# $aGuia de Portugal$f[ed. lit.] Biblioteca Nacional de Lisboa$gpref. Raul Proença 210 #9 $aLisboa$cB.N.,$dimp. 1924-1970 215 ## $a7 v.$cil.$d17 cm 327 1# $a1º v.: Generalidades, Lisboa e arredores. - LXIV, 672, [16] p., [15] mapas desdobr.$a2º v.: Extremadura, Alentejo, Algarve. - XXXIX, 697, [3] p., [17] mapas desdobr.$a3º v.: Beira Litoral, Beira Baixa, Beira Alta. - LV, 1006 p., [20] mapas desdobr.$a4º v., t. I: Entre Douro e Minho, Douro Litoral. - XXXIX, 704 p., [9] mapas desdobr$a4º v., t. II: Entre Douro e Minho, Minho. - XXX, p. 705-1331, [5] p., [9] mapas desdobr.$a5º v., t. I: Trás-os-Montes, Vila Real, Chaves e Barroso. - XXX, 514 p., [5] mapas
desdobr.$a5º v., t. II: Trás-os-Montes, Lamego, Bragança e Miranda. - XXXI, p. 515-1086, [1]
p., [2] mapas desdobr. 517 1# $aGeneralidades, Lisboa e arredores 517 1# $aEstremadura, Alentejo, Algarve 517 1# $aBeira Litoral, Beira Baixa, Beira Alta 517 1# $aEntre Douro e Minho, Douro Litoral 517 1# $aEntre Douro e Minho, Minho 517 1# $aTrás-os-Montes, Vila Real, Chaves e Barroso 517 1# $aTrás-os-Montes, Lamego, Bragança e Miranda 675 ## $a908(469)(036)$vBN$zpor$3904664 702 #1 $aProença,$bRaúl,$f1884-1941$4080$319283 712 01 $aPortugal.$bBiblioteca Nacional de Lisboa$4340$3992452 801 #0 $aPT$bBN$gRPC 966 ## $b001$d1º v.$lBN$mFGMON$nExiste exemplar em livre acesso na Sala de Leitura Geral$sB.R. 15446 966 ## $b001$d2º v.$lBN$mFGMON$nExiste exemplar em livre acesso na Sala de Leitura Geral$sB.R. 15447 966 ## $b001$d3º v.$lBN$mFGMON$nExiste exemplar em livre acesso na Sala de Leitura Geral$sB.R. 15448 966 ## $b003$d1º v.$lBN$mFGMON$nExiste exemplar em livre acesso na Sala de Leitura Geral$sC.G. 7161 P. 966 ## $b003$d2º v.$lBN$mFGMON$nExiste exemplar em livre acesso na Sala de Leitura Geral$sC.G. 7161 P. 966 ## $lBN$mFGMON$nUsual Sala Leitura Reservados$sC.G. 7163 P. 966 ## $b001$d1º v.$lBN$mFGMON$nExiste exemplar em livre acesso na Sala de Leitura Geral$sC.G. 8414 P. 966 ## $b003$d3º v.$lBN$mFGMON$nExiste exemplar em livre acesso na Sala de Leitura Geral$sC.G. 7161 P. 966 ## $d4 º V.$e1º e 2ª partes$lBN$mFGMON$nExiste exemplar em livre acesso na Sala de Leitura Geral$sC.G. 7161 P. 966 ## $d5º v.$e1º e 2ª partes$lBN$mFGMON$nExiste exemplar em livre acesso na Sala de Leitura Geral$sC.G. 7161 P. 966 ## $b005$d1º v.$lBN$mFGMON$nExiste exemplar em livre acesso na Sala de Leitura Geral$sH.G. 34317 P. 966 ## $b005$d2º v.$lBN$mFGMON$nExiste exemplar em livre acesso na Sala de Leitura Geral$sH.G. 34318 P. 966 ## $b005$d3º v.$lBN$mFGMON$nExiste exemplar em livre acesso na Sala de Leitura Geral$sH.G. 34319 P. 966 ## $b001$d1º v.$lBN$mFGMON$nExiste exemplar em livre acesso na Sala de Leitura Geral$sH.G. 38936 P.$x1 966 ## $b001$d2º v.$lBN$mFGMON$nExiste exemplar em livre acesso na Sala de Leitura Geral$sH.G. 38937 P.$x1 966 ## $b001$d3º v.$lBN$mFGMON$nExiste exemplar em livre acesso na Sala de Leitura Geral$sH.G. 38938 P.$x1 966 ## $b001$d4º v.$e1º t.$lBN$mFGMON$nExiste exemplar em livre acesso na Sala de Leitura Geral$sH.G. 38939 P.$x1 966 ## $b001$d4º v.$e2º t.$lBN$mFGMON$nExiste exemplar em livre acesso na Sala de Leitura Geral$sH.G. 38940 P.$x1 966 ## $b001$d5º v.$e1º t.$lBN$mFGMON$nExiste exemplar em livre acesso na Sala de Leitura Geral$sH.G. 38941 P.$x1 966 ## $b001$d5º v.$e2º t.$lBN$mFGMON$nExiste exemplar em livre acesso na Sala de Leitura Geral$sH.G. 38942 P.$x1 966 ## $b003$d1º v.$lBN$mFGMON$nExiste exemplar em livre acesso na Sala de Leitura Geral$pDoação Jaime Cortesão$sTR. 6856 P.$x3 966 ## $b004$d2º v.$lBN$mFGMON$nExiste exemplar em livre acesso na Sala de Leitura Geral$pBiblioteca Jaime Batalha Reis$sTR. 6936 P.$x3 966 ## $b008$d2º v.$lBN$mFGMON$nExiste exemplar em livre acesso na Sala de Leitura Geral$pBiblioteca Cordeiro Pereira$sTR. 7157 P.$x3 966 ## $b008$d3º v.$lBN$mFGMON$nExiste exemplar em livre acesso na Sala de Leitura Geral$pBiblioteca Cordeiro Pereira$sTR. 7158 P.$x3
Etiqueta de registo: 00709cam 02200217 04500 001 76554 003 http://id.bnportugal.gov.pt/bib/catbnp/76554 021 ## $aPT$b3542/83 100 ## $a19870501g19811983m y0pora01030103ba 101 0# $apor 102 ## $aPT 105 ## $aa z 000yy 106 ## $ar 200 1# $aGuia de Portugal$fRaúl Proença$gapresentação de Santana Dionísio 210 #9 $aLisboa$cFund. Calouste Gulbenkian,$dimp. 1981-1983 215 ## $a2 v.$cil.$d17 cm 327 01 $aV. 1: Generalidades ; Lisboa e arredores. - LXVI, 696 p. : 15 mapas desdobr.$aV. 2: Estremadura, Alentejo, Algarve. - imp. 1983. - XLV p., 697, [12] f. desdobr. 675 ## $a908(469)(036)$vBN$zpor$3904664 700 #1 $aProença,$bRaúl,$f1884-1941$319283 702 #1 $aDionísio,$bSantana,$f1902-1991$4450$329110 801 #0 $aPT$bBN$gRPC 966 ## $dV. 1$lBN$mFGMON$nExiste exemplar em livre acesso na Sala de Leitura Geral$sC.G. 8397 P. 966 ## $dV. 2$lBN$mFGMON$sH.G. 43160 P.$x1 966 ## $dV. 2$lBN$mFGMON$sH.G. 43160 P.-D$x1 998 ## $aCR129 - 00067
Etiqueta de registo: 00511cam 2200181 450 001 522911 003 http://id.bnportugal.gov.pt/bib/catbnp/522911 100 ## $a19950428d1927 km y0pory01030103ba 101 1# $apor 102 ## $aPT 200 1# $a O bebedor de lágrimas$fA. Hernandez Catá$gtrad. Raul Proença 210 #9 $aPorto$cLiv. e Imp. Civilização,$d1927 215 ## $a1 v.$d19 cm 700 #1 $aHernandez Catá,$bA.$3174541 702 #1 $aProença,$bRaúl,$f1884-1941$4730$319283 801 #0 $aPT$bBN$gRPC 966 ## $lBN$mFGMON$sL. 31020 P. 997 ## $aBIBEOD
Etiqueta de registo: 00579cam 02200205 04500 001 540929 003 http://id.bnportugal.gov.pt/bib/catbnp/540929 005 19990103000000.0 095 ## $aPTBN00744003 100 ## $a19950622d1934 m y0pory0103 ba 101 1# $apor 102 ## $aPT 200 1# $aJaponesices de outono$fPierre Loti$gtrad. de Raúl Proença 210 #9 $aPorto$cLivr. Lelo,$d[D.L. 1934] 215 ## $a198, [1] p.$d17 cm 700 #1 $aLoti,$bPierre,$cpseud.$381186 702 #1 $aProença,$bRaúl,$f1884-1941$4730$319283 801 #0 $aPT$bBN$gRPC 966 ## $lBN$mFGMON$sL. 26534 P. 966 ## $lBN$mFGMON$sL. 26535 P. 966 ## $lBN$mFGMON$sL. 26536 P. 997 ## $aBIBEOD
Etiqueta de registo: 00589cam 02200205 04500 001 540930 003 http://id.bnportugal.gov.pt/bib/catbnp/540930 005 19990103000000.0 095 ## $aPTBN00744004 100 ## $a19950622d1934 m y0pory0103 ba 101 1# $apor 102 ## $aPT 200 1# $a Os ultimos dias de Pequim$fPierre Lati$gtrad. de Raúl Proença 210 #9 $aPorto$cLivr. Lelo,$d[D.L. 1934] 215 ## $aVI, 250, [1] p.$d17 cm 700 #1 $aLoti,$bPierre,$cpseud.$381186 702 #1 $aProença,$bRaúl,$f1884-1941$4730$319283 801 #0 $aPT$bBN$gRPC 966 ## $lBN$mFGMON$sL. 26537 P. 966 ## $lBN$mFGMON$sL. 26538 P. 966 ## $lBN$mFGMON$sL. 26539 P. 997 ## $aBIBEOD
Etiqueta de registo: 00579cam 02200205 04500 001 540933 003 http://id.bnportugal.gov.pt/bib/catbnp/540933 005 19990103000000.0 095 ## $aPTBN00744007 100 ## $a19950622d1934 m y0pory0103 ba 101 1# $apor 102 ## $aPT 200 1# $aFlores de tédio$fPierre Lati$gtrad. de Raúl Proença 210 #9 $aLisboa$cAillaud e Lelo,$d[D.L. 1934] 215 ## $a260, [1] p.$d17 cm 700 #1 $aLoti,$bPierre,$cpseud.$381186 702 #1 $aProença,$bRaúl,$f1884-1941$4730$319283 801 #0 $aPT$bBN$gRPC 966 ## $lBN$mFGMON$sL. 26540 P. 966 ## $lBN$mFGMON$sL. 26541 P. 966 ## $lBN$mFGMON$sL. 26542 P. 997 ## $aBIBEOD
Etiqueta de registo: 00814cbc 2200181 i 450 001 604822 003 http://id.bnportugal.gov.pt/bib/catbnp/604822 005 20000726183500.0 095 ## $aPTBN00815119 100 ## $a19960603g18731972k y0pory0103 ba 101 0# $apor 102 ## $aPT 200 1# $aEspólio de Raul Proença 210 #1 $d1873-1972 215 ## $a46 cx.$d35x30x10 cm 300 ## $aEspólio constituído por: manuscritos do autor (sobretudo prosa e edições); cartas
recebidas, alguns rascunhos de cartas enviadas e de terceiros; documentos biográficos
do autor e de terceiros; recortes de imprensa (artigos do autor e de terceiros); pequenas
publicações (incluindo do autor) e alguns números de publicações periódicas; manuscritos
de terceiros (poesia, prosa e edições) 700 #1 $aProença,$bRaúl,$f1884-1941$319283 801 #0 $aPT$bBN 966 ## $lBN$mRESESP$sEsp. E7$x2
Etiqueta de registo: 00823cam 2200229 450 001 411953 003 http://id.bnportugal.gov.pt/bib/catbnp/411953 005 19991112131800.0 095 ## $aPTBN00440460 100 ## $a19930326d1923 m a0pory0103 ba 101 0# $apor 102 ## $aPT 106 ## $ar 200 1# $aGuia de Évora e seus arredores$eespecimen do Guia de Portugal...$fcolaborado pelos mais distintos escritores e dirigido pelo... Raúl Proença 210 #9 $aLisboa$cOf. Gráf. da Biblioteca Nacional,$d1923 215 ## $a78 p., [1] f. desdobr.$cil.$d19 cm 225 2# $aPublicações da Biblioteca Nacional de Lisboa 702 #1 $aProença,$bRaúl,$f1884-1941$4300$319283 801 #0 $aPT$bBN$gRPC 966 ## $lBN$mFGMON$sH.G. 5697//1 P. 966 ## $lBN$mFGMON$sH.G. 11919 P. 966 ## $lBN$mFGMON$pBiblioteca Jaime Batalha Reis$sH.G. 36437 P.$x3 995 ## $aLIVRARIA $zBND$d20130528$idfontes 997 ## $aBIBEOD
Etiqueta de registo: 00483cam 022001811 04500 001 296348 003 http://id.bnportugal.gov.pt/bib/catbnp/296348 005 19981228000000.0 095 ## $aPTBN00308298 100 ## $a19870601d19 m y0pora0103 ba 101 0# $apor 102 ## $aPT 200 1# $aArredores de Lisboa$fRaul Proença 210 #9 $aPorto$cLello & Irmäo,$d[19--] 215 ## $a48 p.$cil., mapas ;d25 cm 225 2# $aEstradas de Portugal$v1 700 #1 $aProença,$bRaúl,$f1884-1941$319283 801 #0 $aPT$bBN$gRPC 966 ## $lBN$mFGMON$sB.R. 2599 997 ## $aBIBEOD
Etiqueta de registo: 00654cam 02200193 04500 001 283376 003 http://id.bnportugal.gov.pt/bib/catbnp/283376 005 19981209120100.0 095 ## $aPTBN00294968 100 ## $a19880913d1923 m y0pora0103 ba 101 0# $afre 102 ## $aPT 200 1# $aIdée générale sur les nouvelles régles de catalogation des bibliothéques portugaises$fpar Jaime Cortesão et Raúl Proença 210 #9 $aLisboa$c[s.n.],$d1923$eLisboa :$gOf. Gráf. Biblioteca Nacional) 215 ## $a39, 3 p.$d25 cm 675 ## $a025.31(469)$vmed$zpor$3449380 700 #1 $aCortesão,$bJaime,$f1884-1960$319278 701 #1 $aProença,$bRaúl,$f1884-1941$4070$319283 801 #0 $aPT$bBN$gRPC 966 ## $lBN$mFGMON$sB.A.D. 2158 V. 997 ## $aBIBEOD
Etiqueta de registo: 00785cam 2200229 450 001 282293 003 http://id.bnportugal.gov.pt/bib/catbnp/282293 005 20000211081500.0 095 ## $aPTBN00293851 100 ## $a19981219g19261927m y0pora0103 ba 101 0# $apor 102 ## $aPT 105 ## $ay z 000yy 106 ## $ar 200 1# $a A ditadura militar$ehistória e análise dum crime ;$aAinda a ditadura militar$edemonstração scientífica da nocividade das ditaduras militares e algumas amabilidades
sobrecelentes$fRaul Proença 210 #9 $aLisboa$cSeara Nova [distrib.],$d1926-1927 215 ## $a2 v. (78, [2] p.)(47, [1] p.)$d19 cm 225 2# $aPanfletos 517 1# $aAinda a ditadura militar 675 ## $a321.6$vBN$zpor$3292821 700 #1 $aProença,$bRaúl,$f1884-1941$319283 801 #0 $aPT$bBN$gRPC 930 ## $lBN$mAG$dL. 42275//1-2 P.$jVol. 1-2 966 ## $lBN$mFGMON$sL. 42275//1 P. 966 ## $c2$lBN$mFGMON$sL. 42275//2 P. 966 ## $dT. 1$lBN$mFGMON$sS.C. 23149 P.$x3 966 ## $lBN$mFGMON$sS.C. 32761 P. 966 ## $lBN$mFGMON$pDoação Adolfo Casais Monteiro$sS.C. 35005 P.$x3 966 ## $lBN$mFGMON$pDoação Adolfo Casais Monteiro$sS.C. 35006 P.$x3 966 ## $b003$d2º v.$lBN$mFGMON$pBiblioteca Álvaro Ribeiro$sTR. 7028 P.$x3 997 ## $aBIBEOD
Etiqueta de registo: 01778cam 02200481 04500 001 247024 003 http://id.bnportugal.gov.pt/bib/catbnp/247024 005 19981205010400.0 095 ## $aPTBN00256501 100 ## $a19900620d1921 k y0pory0103 ba 101 0# $apor 200 1# $aAcerca do integralismo lusitano$fRaul Proença 463 #1 $aSeara nova. - Lisboa. - N. 5(24 Dez.1921); p. 132-136; N. 6(14 Jan.1922); p. 149-154 700 #1 $aProença,$bRaúl,$f1884-1941$319283 801 #0 $aPT$bBN$gRPC 930 ## $lBN$dF. 3557-3582$iMicrofilme 966 ## $lBN$mFGJOR$sJ. 2560 B. 966 ## $lBN$mFGREV$sP.P. 3966 A. 966 ## $lBN$mMICROF$nMicrofilme$sF. 3557 966 ## $lBN$mMICROF$nMicrofilme$sF. 3558 966 ## $lBN$mMICROF$nMicrofilme$sF. 3559 966 ## $lBN$mMICROF$nMicrofilme$sF. 3560 966 ## $lBN$mMICROF$nMicrofilme$sF. 3561 966 ## $lBN$mMICROF$nMicrofilme$sF. 3562 966 ## $lBN$mMICROF$nMicrofilme$sF. 3563 966 ## $lBN$mMICROF$nMicrofilme$sF. 3564 966 ## $lBN$mMICROF$nMicrofilme$sF. 3565 966 ## $lBN$mMICROF$nMicrofilme$sF. 3566 966 ## $lBN$mMICROF$nMicrofilme$sF. 3567 966 ## $lBN$mMICROF$nMicrofilme$sF. 3568 966 ## $lBN$mMICROF$nMicrofilme$sF. 3569 966 ## $lBN$mMICROF$nMicrofilme$sF. 3570 966 ## $lBN$mMICROF$nMicrofilme$sF. 3571 966 ## $lBN$mMICROF$nMicrofilme$sF. 3572 966 ## $lBN$mMICROF$nMicrofilme$sF. 3573 966 ## $lBN$mMICROF$nMicrofilme$sF. 3574 966 ## $lBN$mMICROF$nMicrofilme$sF. 3575 966 ## $lBN$mMICROF$nMicrofilme$sF. 3576 966 ## $lBN$mMICROF$nMicrofilme$sF. 3577 966 ## $lBN$mMICROF$nMicrofilme$sF. 3578 966 ## $lBN$mMICROF$nMicrofilme$sF. 3579 966 ## $lBN$mMICROF$nMicrofilme$sF. 3580 966 ## $lBN$mMICROF$nMicrofilme$sF. 3581 966 ## $lBN$mMICROF$nMicrofilme$sF. 3582 997 ## $aBIBEOD
Etiqueta de registo: 01752cam 2200481 450 001 246651 003 http://id.bnportugal.gov.pt/bib/catbnp/246651 005 19981205003200.0 095 ## $aPTBN00255994 100 ## $a19900612d1921 k y0pory0103 ba 101 0# $apor 200 1# $a Um livro de claridades e de sombras$fRaul Proença 463 #1 $aSeara nova. - Lisboa. - N. 3(20 Nov.1921) ; p. 77-81 700 #1 $aProença,$bRaúl,$f1884-1941$319283 801 #0 $aPT$bBN$gRPC 930 ## $lBN$dF. 3557-3582$iMicrofilme 966 ## $lBN$mFGJOR$sJ. 2560 B. 966 ## $lBN$mFGREV$sP.P. 3966 A. 966 ## $lBN$mMICROF$nMicrofilme$sF. 3557 966 ## $lBN$mMICROF$nMicrofilme$sF. 3558 966 ## $lBN$mMICROF$nMicrofilme$sF. 3559 966 ## $lBN$mMICROF$nMicrofilme$sF. 3560 966 ## $lBN$mMICROF$nMicrofilme$sF. 3561 966 ## $lBN$mMICROF$nMicrofilme$sF. 3562 966 ## $lBN$mMICROF$nMicrofilme$sF. 3563 966 ## $lBN$mMICROF$nMicrofilme$sF. 3564 966 ## $lBN$mMICROF$nMicrofilme$sF. 3565 966 ## $lBN$mMICROF$nMicrofilme$sF. 3566 966 ## $lBN$mMICROF$nMicrofilme$sF. 3567 966 ## $lBN$mMICROF$nMicrofilme$sF. 3568 966 ## $lBN$mMICROF$nMicrofilme$sF. 3569 966 ## $lBN$mMICROF$nMicrofilme$sF. 3570 966 ## $lBN$mMICROF$nMicrofilme$sF. 3571 966 ## $lBN$mMICROF$nMicrofilme$sF. 3572 966 ## $lBN$mMICROF$nMicrofilme$sF. 3573 966 ## $lBN$mMICROF$nMicrofilme$sF. 3574 966 ## $lBN$mMICROF$nMicrofilme$sF. 3575 966 ## $lBN$mMICROF$nMicrofilme$sF. 3576 966 ## $lBN$mMICROF$nMicrofilme$sF. 3577 966 ## $lBN$mMICROF$nMicrofilme$sF. 3578 966 ## $lBN$mMICROF$nMicrofilme$sF. 3579 966 ## $lBN$mMICROF$nMicrofilme$sF. 3580 966 ## $lBN$mMICROF$nMicrofilme$sF. 3581 966 ## $lBN$mMICROF$nMicrofilme$sF. 3582 997 ## $aBIBEOD
Etiqueta de registo: 00561cam 2200193 450 001 246626 003 http://id.bnportugal.gov.pt/bib/catbnp/246626 005 19981205002900.0 095 ## $aPTBN00255969 100 ## $a19900611d1921 k y0pory0103 ba 101 0# $apor 200 1# $aAo futuro$fRaul Proença 463 #1 $aSeara nova. - N. 2(5 Nov.1921) ; p. 51-53 700 #1 $aProença,$bRaúl,$f1884-1941$319283 801 #0 $aPT$bBN$gRPC 930 ## $lBN$dF. 3557-3558$iMicrofilme 966 ## $lBN$mFGJOR$sJ. 2560 B. 966 ## $lBN$mFGREV$sP.P. 3966 A. 966 ## $lBN$mMICROF$nMicrofilme$sF. 3557 966 ## $lBN$mMICROF$nMicrofilme$sF. 3558 997 ## $aBIBEOD
Etiqueta de registo: 01751cam 2200481 450 001 246623 003 http://id.bnportugal.gov.pt/bib/catbnp/246623 005 19981205002900.0 095 ## $aPTBN00255966 100 ## $a19900611d1921 k y0pory0103 ba 101 0# $apor 200 1# $aPorque não somos um partido politico$fRaul Proença 463 #1 $aSeara nova. - Lisboa. - N. 2(5 Nov.1921) ; p. 48-49 700 #1 $aProença,$bRaúl,$f1884-1941$319283 801 #0 $aPT$bBN$gRPC 930 ## $lBN$dF. 3557-3582$iMicrofilme 966 ## $lBN$mFGJOR$sJ. 2560 B. 966 ## $lBN$mFGREV$sP.P. 3966 A. 966 ## $lBN$mMICROF$nMicrofilme$sF. 3557 966 ## $lBN$mMICROF$nMicrofilme$sF. 3558 966 ## $lBN$mMICROF$nMicrofilme$sF. 3559 966 ## $lBN$mMICROF$nMicrofilme$sF. 3560 966 ## $lBN$mMICROF$nMicrofilme$sF. 3561 966 ## $lBN$mMICROF$nMicrofilme$sF. 3562 966 ## $lBN$mMICROF$nMicrofilme$sF. 3563 966 ## $lBN$mMICROF$nMicrofilme$sF. 3564 966 ## $lBN$mMICROF$nMicrofilme$sF. 3565 966 ## $lBN$mMICROF$nMicrofilme$sF. 3566 966 ## $lBN$mMICROF$nMicrofilme$sF. 3567 966 ## $lBN$mMICROF$nMicrofilme$sF. 3568 966 ## $lBN$mMICROF$nMicrofilme$sF. 3569 966 ## $lBN$mMICROF$nMicrofilme$sF. 3570 966 ## $lBN$mMICROF$nMicrofilme$sF. 3571 966 ## $lBN$mMICROF$nMicrofilme$sF. 3572 966 ## $lBN$mMICROF$nMicrofilme$sF. 3573 966 ## $lBN$mMICROF$nMicrofilme$sF. 3574 966 ## $lBN$mMICROF$nMicrofilme$sF. 3575 966 ## $lBN$mMICROF$nMicrofilme$sF. 3576 966 ## $lBN$mMICROF$nMicrofilme$sF. 3577 966 ## $lBN$mMICROF$nMicrofilme$sF. 3578 966 ## $lBN$mMICROF$nMicrofilme$sF. 3579 966 ## $lBN$mMICROF$nMicrofilme$sF. 3580 966 ## $lBN$mMICROF$nMicrofilme$sF. 3581 966 ## $lBN$mMICROF$nMicrofilme$sF. 3582 997 ## $aBIBEOD
Etiqueta de registo: 01762cam 2200493 450 001 246546 003 http://id.bnportugal.gov.pt/bib/catbnp/246546 005 19981205002300.0 095 ## $aPTBN00255886 100 ## $a19900608d1921 k y pory0103 ba 101 0# $apor 106 ## $ar 200 1# $a A questão do funcionalismo$fRaul Proença 463 #1 $aSeara nova. - Lisboa. - N. 1(15 Out.1921) ; p. 26-29 700 #1 $aProença,$bRaúl,$f1884-1941$319283 801 #0 $aPT$bBN$gRPC 930 ## $lBN$dF. 3557-3582$iMicrofilme 966 ## $lBN$mFGJOR$sJ. 2560 B. 966 ## $lBN$mFGREV$sP.P. 3966 A. 966 ## $lBN$mMICROF$nMicrofilme$sF. 3557 966 ## $lBN$mMICROF$nMicrofilme$sF. 3558 966 ## $lBN$mMICROF$nMicrofilme$sF. 3559 966 ## $lBN$mMICROF$nMicrofilme$sF. 3560 966 ## $lBN$mMICROF$nMicrofilme$sF. 3561 966 ## $lBN$mMICROF$nMicrofilme$sF. 3562 966 ## $lBN$mMICROF$nMicrofilme$sF. 3563 966 ## $lBN$mMICROF$nMicrofilme$sF. 3564 966 ## $lBN$mMICROF$nMicrofilme$sF. 3565 966 ## $lBN$mMICROF$nMicrofilme$sF. 3566 966 ## $lBN$mMICROF$nMicrofilme$sF. 3567 966 ## $lBN$mMICROF$nMicrofilme$sF. 3568 966 ## $lBN$mMICROF$nMicrofilme$sF. 3569 966 ## $lBN$mMICROF$nMicrofilme$sF. 3570 966 ## $lBN$mMICROF$nMicrofilme$sF. 3571 966 ## $lBN$mMICROF$nMicrofilme$sF. 3572 966 ## $lBN$mMICROF$nMicrofilme$sF. 3573 966 ## $lBN$mMICROF$nMicrofilme$sF. 3574 966 ## $lBN$mMICROF$nMicrofilme$sF. 3575 966 ## $lBN$mMICROF$nMicrofilme$sF. 3576 966 ## $lBN$mMICROF$nMicrofilme$sF. 3577 966 ## $lBN$mMICROF$nMicrofilme$sF. 3578 966 ## $lBN$mMICROF$nMicrofilme$sF. 3579 966 ## $lBN$mMICROF$nMicrofilme$sF. 3580 966 ## $lBN$mMICROF$nMicrofilme$sF. 3581 966 ## $lBN$mMICROF$nMicrofilme$sF. 3582 997 ## $aBIBEOD
Etiqueta de registo: 01734cam 2200481 450 001 246591 003 http://id.bnportugal.gov.pt/bib/catbnp/246591 005 19981205002700.0 095 ## $aPTBN00255932 100 ## $a19900611d1921 k y0pory0103 ba 101 0# $apor 200 1# $a Os últimos acontecimentos$fR. P. 463 #1 $aSeara nova. - Lisboa. - N. 2(5 Nov.1921) ; p. 36-37 700 #1 $aProença,$bRaúl,$f1884-1941$319283 801 #0 $aPT$bBN$gRPC 930 ## $lBN$dF. 3557-3582$iMicrofilme 966 ## $lBN$mFGJOR$sJ. 2560 B. 966 ## $lBN$mFGREV$sP.P. 3966 A. 966 ## $lBN$mMICROF$nMicrofilme$sF. 3557 966 ## $lBN$mMICROF$nMicrofilme$sF. 3558 966 ## $lBN$mMICROF$nMicrofilme$sF. 3559 966 ## $lBN$mMICROF$nMicrofilme$sF. 3560 966 ## $lBN$mMICROF$nMicrofilme$sF. 3561 966 ## $lBN$mMICROF$nMicrofilme$sF. 3562 966 ## $lBN$mMICROF$nMicrofilme$sF. 3563 966 ## $lBN$mMICROF$nMicrofilme$sF. 3564 966 ## $lBN$mMICROF$nMicrofilme$sF. 3565 966 ## $lBN$mMICROF$nMicrofilme$sF. 3566 966 ## $lBN$mMICROF$nMicrofilme$sF. 3567 966 ## $lBN$mMICROF$nMicrofilme$sF. 3568 966 ## $lBN$mMICROF$nMicrofilme$sF. 3569 966 ## $lBN$mMICROF$nMicrofilme$sF. 3570 966 ## $lBN$mMICROF$nMicrofilme$sF. 3571 966 ## $lBN$mMICROF$nMicrofilme$sF. 3572 966 ## $lBN$mMICROF$nMicrofilme$sF. 3573 966 ## $lBN$mMICROF$nMicrofilme$sF. 3574 966 ## $lBN$mMICROF$nMicrofilme$sF. 3575 966 ## $lBN$mMICROF$nMicrofilme$sF. 3576 966 ## $lBN$mMICROF$nMicrofilme$sF. 3577 966 ## $lBN$mMICROF$nMicrofilme$sF. 3578 966 ## $lBN$mMICROF$nMicrofilme$sF. 3579 966 ## $lBN$mMICROF$nMicrofilme$sF. 3580 966 ## $lBN$mMICROF$nMicrofilme$sF. 3581 966 ## $lBN$mMICROF$nMicrofilme$sF. 3582 997 ## $aBIBEOD
Etiqueta de registo: 01752cam 2200481 450 001 246910 003 http://id.bnportugal.gov.pt/bib/catbnp/246910 005 19981205005400.0 095 ## $aPTBN00256340 100 ## $a19900619d1921 k y0pory0103 ba 101 0# $apor 200 1# $a O manifesto da Cruzada Nun'Alvares$fRaul Proença 463 #1 $aSeara nova. - Lisboa. - N. 4(5 Dez.1921) ; p. 108-110 700 #1 $aProença,$bRaúl,$f1884-1941$319283 801 #0 $aPT$bBN$gRPC 930 ## $lBN$dF. 3557-3582$iMicrofilme 966 ## $lBN$mFGJOR$sJ. 2560 B. 966 ## $lBN$mFGREV$sP.P. 3966 A. 966 ## $lBN$mMICROF$nMicrofilme$sF. 3557 966 ## $lBN$mMICROF$nMicrofilme$sF. 3558 966 ## $lBN$mMICROF$nMicrofilme$sF. 3559 966 ## $lBN$mMICROF$nMicrofilme$sF. 3560 966 ## $lBN$mMICROF$nMicrofilme$sF. 3561 966 ## $lBN$mMICROF$nMicrofilme$sF. 3562 966 ## $lBN$mMICROF$nMicrofilme$sF. 3563 966 ## $lBN$mMICROF$nMicrofilme$sF. 3564 966 ## $lBN$mMICROF$nMicrofilme$sF. 3565 966 ## $lBN$mMICROF$nMicrofilme$sF. 3566 966 ## $lBN$mMICROF$nMicrofilme$sF. 3567 966 ## $lBN$mMICROF$nMicrofilme$sF. 3568 966 ## $lBN$mMICROF$nMicrofilme$sF. 3569 966 ## $lBN$mMICROF$nMicrofilme$sF. 3570 966 ## $lBN$mMICROF$nMicrofilme$sF. 3571 966 ## $lBN$mMICROF$nMicrofilme$sF. 3572 966 ## $lBN$mMICROF$nMicrofilme$sF. 3573 966 ## $lBN$mMICROF$nMicrofilme$sF. 3574 966 ## $lBN$mMICROF$nMicrofilme$sF. 3575 966 ## $lBN$mMICROF$nMicrofilme$sF. 3576 966 ## $lBN$mMICROF$nMicrofilme$sF. 3577 966 ## $lBN$mMICROF$nMicrofilme$sF. 3578 966 ## $lBN$mMICROF$nMicrofilme$sF. 3579 966 ## $lBN$mMICROF$nMicrofilme$sF. 3580 966 ## $lBN$mMICROF$nMicrofilme$sF. 3581 966 ## $lBN$mMICROF$nMicrofilme$sF. 3582 997 ## $aBIBEOD
Etiqueta de registo: 00992cam 22003011 450 001 971191 003 http://id.bnportugal.gov.pt/bib/catbnp/971191 005 20000829121900.0 095 ## $aPTBN00979234 100 ## $a19990624d1938 k y0pory0103 ba 101 0# $apor 102 ## $aPT 106 ## $ar 200 1# $aPáginas de política$fRaúl Proença$gpref. Câmara Reys 210 #9 $aLisboa$cSeara Nova,$d1938 215 ## $aXXI, 311 p.$d20 cm 325 1# $aBraille impresso (grau 2). - Lisboa : BN, 1972. - 3 vol. ; 35 cm. - Cota ALDV: 451bl_001-451bl_003 339 ## $aBNP $bBraille impresso (grau 2) $c $dNao $e451bl_001-451bl_003 675 ## $a321.01(469)$vBN$zpor$3357959 675 ## $a19(469) PROENÇA$vBN$zpor$3874068 700 #1 $aProença,$bRaúl,$f1884-1941$319283 702 #1 $aReis,$bCâmara,$f1885-1961$4080$3106047 801 #0 $aPT$bBN$gRPC 966 ## $lBN$mFGMON$pBiblioteca José Marinho$sS.A. 38959 P.$x3 966 ## $lBN$mFGMON$pBiblioteca Álvaro Ribeiro$sS.A. 39089 P.$x3 966 ## $d2v$lBN$mINVISU$s451 1231$x0 966 ## $d3v$lBN$mINVISU$s451 1232$x0 966 ## $lBN$mINVISU$s451bl_001-451bl_003 $x0 998 ## $aMSD35-199
Etiqueta de registo: 00851cam 2200289 450 001 159129 003 http://id.bnportugal.gov.pt/bib/catbnp/159129 005 19981126175300.0 021 ## $aPT$b23649/88 095 ## $aPTBN00165800 100 ## $a19890817d1988 km y0pora0103 ba 101 0# $apor 102 ## $aPT 105 ## $ay z 001zd 106 ## $ar 200 1# $aPolémicas$fRaul Proença$gorg., pref. e cronologia de Daniel Pires 210 #9 $aLisboa$cDom Quixote,$d1988 215 ## $a995 p.$d24 cm 225 2# $aMemória portuguesa$v5 675 ## $a869.0-92 Proença, Raul "1907/1940"$vBN$zpor$3362979 700 #1 $aProença,$bRaúl,$f1884-1941$319283 702 #1 $aPires,$bDaniel,$f1951-$4340$329483 801 #0 $aPT$bBN$gRPC 966 ## $c2$lBN$mFGMON$sL. 41225 V.$x1 966 ## $c2$lBN$mFGMON$sL. 41225 V.$x1 997 ## $aBIBEOD
Etiqueta de registo: 00863cam 2200277 450 001 190787 003 http://id.bnportugal.gov.pt/bib/catbnp/190787 005 19981129035300.0 021 ## $aPT$b22060/88 095 ## $aPTBN00198097 100 ## $a19881216d1988 m a0pora0103 ba 101 0# $apor 102 ## $aPT 200 1# $a O caso da biblioteca$fRaul Proença$gorg., estudos e notas Daniel Pires, José Carlos González 205 ## $a1ª ed 210 #9 $aLisboa$cBiblioteca Nacional,$d1988 215 ## $a188, [1] p.$d24 cm 675 ## $a023-057.4$vBN$zpor$3389470 675 ## $a35.08$vBN$zpor$3288369 675 ## $a027.54(469)"1919/1927"$vBN$zpor$3389471 700 #1 $aProença,$bRaúl,$f1884-1941$319283 702 #1 $aPires,$bDaniel,$f1951-$4340$329483 702 #1 $aGonzález,$bJosé Carlos,$f1937-2000$4340$326407 801 #0 $aPT$bBN$gRPC 966 ## $lBN$mFGMON$nUsual SLG$s027.54 (469) BNP 966 ## $lBN$mFGMON$nUsual Área de Referência$s027.54 (469) BNP 966 ## $lBN$mFGMON$sB.A.D. 4658 V.$x1 995 ## $aLIVRARIA $zBND$d20120509$idfontes 997 ## $aBIBEOD
Etiqueta de registo: 00941cam 2200325 450 001 258626 003 http://id.bnportugal.gov.pt/bib/catbnp/258626 005 19981205204000.0 021 ## $aPT$b39862/90 095 ## $aPTBN00269118 100 ## $a19910314d1989 m y0pory0103 ba 101 0# $apor 102 ## $aPT 105 ## $ay z 001zy 106 ## $ar 200 1# $aRaul Proença$eestudo e antologia$fAntónio Reis 210 #9 $aLisboa$cAlfa,$dcop. 1989 215 ## $a197, [1] p.$d20 cm 225 2# $aTestemunhos contemporâneos$v19 320 ## $aContém bibliografia 675 ## $a869.0-92"19"$vBN$zpor$3321682 700 #1 $aReis,$bAntónio,$f1948-$325688 702 #1 $aProença,$bRaúl,$f1884-1941$319283 801 #0 $aPT$bBN$gRPC 966 ## $c2$lBN$mFGMON$sL. 83847 P.$x1 966 ## $c2$lBN$mFGMON$sL. 83847 P.$x1 997 ## $aBIBEOD
Etiqueta de registo: 00702cam 2200217 450 001 211968 003 http://id.bnportugal.gov.pt/bib/catbnp/211968 005 19981201003600.0 095 ## $aPTBN00219609 100 ## $a19900105d1903 m y0pory0103 ba 101 0# $apor 102 ## $aPT 105 ## $ay z 000gy 106 ## $ar 200 1# $a Os sinos$epoesia narrativa$fRaul Proença 210 #9 $aAlcobaça$cTyp. e Pap. de Antonio M. d'Oliveira,$d1903 215 ## $a23 p.$d22 cm 675 ## $a869.0-1"19"$vBN$zpor$3290575 700 #1 $aProença,$bRaúl,$f1884-1941$319283 801 #0 $aPT$bBN$gRPC 966 ## $lBN$mFGMON$nExemplar com dedicatória do ofertante$sL. 43640 V.$x3 966 ## $lBN$mRESIMP$nExemplar com dedicatória autógrafa do Autor a Augusto Alvez Dinis$sRES. 3369 V.$x2 997 ## $aBIBEOD
Etiqueta de registo: 00487cam 2200181 04500 001 1146392 003 http://id.bnportugal.gov.pt/bib/catbnp/1146392 005 20030226200100.0 100 ## $a19940430d1938 k y0pory0103 ba 101 0# $apor 102 ## $aPT 105 ## $ay z 001yy 106 ## $ar 200 1# $aPáginas de política$fRaúl Proença$gpref. de Câmara Reys 210 #9 $aLisboa$cSeara Nova,$d1938 215 ## $aXXi, 311, [4] p.$d20 cm 675 ## $a32$vBN$zpor$3288019 700 #1 $aProença,$bRaúl,$f1884-1941$319283 702 #1 $aReis,$bCâmara,$f1885-1961$4080$3106047 966 ## $lBN$mFGMON$pDoação Adolfo Casais Monteiro$sS.C. 35032 P.$x3 966 ## $lBN$mFGMON$pDoação Adolfo Casais Monteiro$sS.C. 35038 P.$x3
Etiqueta de registo: 00484cam 22001811 450 001 876500 003 http://id.bnportugal.gov.pt/bib/catbnp/876500 005 19990421201100.0 095 ## $aPTBN00478537 100 ## $a19911026d1932 m y0pory0103 ba 101 0# $apor 102 ## $aPT 200 1# $aArredores de Lisboa$e as estradas de Portugal$fRaúl Proença 210 #9 $aLisboa$cLelo,$d1932 215 ## $a48 p.$cil.$d25 cm 700 #1 $aProença,$bRaúl,$f1884-1941$319283 801 #0 $aPT$bBN$gRPC 966 ## $lBN$mFGMON$sH.G. 15064//13 V. 997 ## $aBIBEOD 998 ## $aCI239-37
Etiqueta de registo: 00763cam 022002651 04500 001 75320 003 http://id.bnportugal.gov.pt/bib/catbnp/75320 005 19981118015000.0 095 ## $aPTBN00078348 100 ## $a19870301d1972 km y0pora0103 ba 101 0# $apor 102 ## $aPT 200 1# $aPáginas de política$fRaúl Sangerman Proença 210 #9 $aLisboa$cSeara Nova,$d1972 215 ## $a4 v.$cil.$d23 cm 675 ## $a32$vmed$zpor$3288019 700 #1 $aProença,$bRaúl,$f1884-1941$319283 801 #0 $aPT$bBN$gRPC 930 ## $lBN$dF. 5590$iMicrofilme 930 ## $dS.C. 39992-95 V.$lBN 966 ## $dV. 1$lBN$mFGMON$sS.C. 39992 V. 966 ## $dV. 2$lBN$mFGMON$sS.C. 39993 V. 966 ## $dV. 3$lBN$mFGMON$sS.C. 39994 V. 966 ## $dV. 4$lBN$mFGMON$sS.C. 39995 V. 966 ## $lBN$mMICROF$nMicrofilme$sF. 5590 997 ## $aBIBEOD 998 ## $aCR013 - 00193
Etiqueta de registo: 01719cam 02200469 04500 001 35776 003 http://id.bnportugal.gov.pt/bib/catbnp/35776 005 20010919100500.0 010 ## $a972-27-0668-3 021 ## $aPT$b16182/87 021 ## $aPT$b74551/94 095 ## $aPTBN00036763 100 ## $a19870716g19871994km a0pory0103 ba 101 0# $apor 102 ## $aPT 105 ## $ay z 001zy 106 ## $ar 200 1# $a O eterno retorno$fRaul Proença$gintrod., fixação do texto e notas de António Reis 205 ## $a1ª ed 210 #9 $aLisboa$cBiblioteca Nacional,$d1987-1994 215 ## $a2 v.$d24 cm 225 2# $aAutores dos séculos XIX e XX 327 1# $a1º v.: 342, [1] p.$a2º v.: 287, [1] p. 606 ## $2SIPOR$3125894 675 ## $a869.0-9"18/19"$vBN$zpor$3300114 675 ## $a14$vBN$zpor$3288364 675 ## $a1Nietzsche, Friedrich$vBN$zpor$3294458 700 #1 $aProença,$bRaúl,$f1884-1941$319283 702 #1 $aReis,$bAntónio,$f1948-$4080$325688 801 #0 $aPT$bBN$gRPC 966 ## $b001$c2$d2º v.$lBN$mFGMON$nUsual SLG$s027.54 (469) BNP$x1 966 ## $b001$c2$d1º v.$lBN$mFGMON$nUsual SLG$s027.54 (469) BNP$x1 966 ## $b002$d1º v.$lBN$mFGMON$sC.G. 19891 V.$x3 966 ## $d1º v.$lBN$mFGMON$nEx. sem cota de piso$sC.G. 19891 V.-D.$x3 966 ## $b001$c2$d2º v.$lBN$mFGMON$sL. 49023 V.$x1 966 ## $b001$c2$d1º v.$lBN$mFGMON$sL. 49022 V.$x1 995 ## $aLIVRARIA $zBND$d20120509$idfontes 997 ## $aBIBEOD
Etiqueta de registo: 00884cam 02200289 04500 001 821989 003 http://id.bnportugal.gov.pt/bib/catbnp/821989 005 19990508121500.0 095 ## $aPTBN00473458 100 ## $a19930715d1921 mk a0pory0103 ba 101 0# $apor 102 ## $aPT 105 ## $ay z 000yy 106 ## $ar 200 1# $aCatálogo ideográfico$esub-rubricas gerais$fBiblioteca Nacional$gpref. Raúl Proença 210 #9 $aLisboa$cBN,$d1921 215 ## $a36, [3] p.$d25 cm 225 2# $aBiblioteca do bibliotecário e do arquivista$v1 606 ## $2SIPOR$3244117 675 ## $a025.4(=1.469)$vBN$zpor$3759140 702 #1 $aProença,$bRaúl,$f1884-1941$4080$319283 710 01 $aPortugal.$bBiblioteca Nacional$33 801 #0 $aPT$bBN$gRPC 966 ## $lBN$mFGMON$sB.A.D. 2585 V.$x0 966 ## $lBN$mFGMON$sB.A.D. 5524 V. 966 ## $lBN$mFGMON$sH.G. 12237//1 V. 998 ## $aCR746-28
Etiqueta de registo: 00613cam 2200193 450 001 1044256 003 http://id.bnportugal.gov.pt/bib/catbnp/1044256 005 20010111123800.0 100 ## $a20010111d1921 mk a0pora0103 ba 101 0# $apor 102 ## $aPT 200 1# $a [ Regras de alfabetação]$eConstituição dos catálogos$fBiblioteca Nacional$gRaúl Proença 210 #9 $aLisboa$cBiblioteca Nacional,$d1921 215 ## $af. 606-646$d16 cm 540 ## $aRegras de catalogação : alfabetação 675 ## $a025.32$vBN$zpor$3340978 701 #1 $aProença,$bRaúl,$f1884-1941$4070$319283 710 01 $aPortugal.$bBiblioteca Nacional$33 801 #0 $aPT$bBN$gRPC 966 ## $lBN$mFGMON$sB.A.D. 157 P. 997 ## $aBIBEOD
Etiqueta de registo: 00694cam 2200193 450 001 1044262 003 http://id.bnportugal.gov.pt/bib/catbnp/1044262 005 20010111000000.0 100 ## $a20010111d1927 mk a0pora0103 ba 101 0# $apor 102 ## $aPT 200 1# $aNormas para o serviço da Catalogação$fBiblioteca Nacional$gRaúl Proença 210 #9 $aLisboa$cBiblioteca Nacional,$d1927 215 ## $a20, [2] p.$d17 cm 675 ## $a002$vBN$zpor$3288481 701 #1 $aProença,$bRaúl,$f1884-1941$4070$319283 710 01 $aPortugal.$bBiblioteca Nacional$33 801 #0 $aPT$bBN$gRPC 966 ## $lBN$mFGMON$pAssin. aut. de Artur Augusto de Oliveira 27.M. 927. - Com notas ms do Dr. Adriano
Andrade, chefe da catalogação$sB.A.D. 158 P. $x3 966 ## $lBN$mFGMON$sB.A.D. 373 P. $x0 997 ## $aBIBEOD
Etiqueta de registo: 00692cam 22002291 450 001 991455 003 http://id.bnportugal.gov.pt/bib/catbnp/991455 005 19990627000000.0 095 ## $aPTBN01003711 100 ## $a19980714d1921 k a0pory0103 ba 101 0# $apor 102 ## $aPT 105 ## $ay z 000yy 106 ## $ar 200 1# $aCatálogo ideográfico$bTexto policopiado]$esub-rubricas gerais$fBiblioteca Nacional$gpref. Raúl Proença 210 #9 $aLisboa$cBN,$d1921 215 ## $a[33] p.$d28 cm 606 ## $2SIPOR$3244117 675 ## $a025.4(=1.469)$vBN$zpor$3759140 702 #1 $aProença,$bRaúl,$f1884-1941$4080$319283 710 01 $aPortugal.$bBiblioteca Nacional$33 801 #0 $aPT$bBN$gRPC 966 ## $lBN$mFGMON$sB.A.D. 13 V. 997 ## $aBIBEOD
Etiqueta de registo: 00836cam 02200217 04500 001 991328 003 http://id.bnportugal.gov.pt/bib/catbnp/991328 100 ## $a19980713f19609999m y0pory01030103ba 101 0# $apor 102 ## $aPT 105 ## $aa z 000yy 106 ## $ar 200 1# $aEstradas de Portugal$fRaúl Proença 210 #9 $aPorto$cLello,$d[196-]- 215 ## $av.$cil.$d25 cm 327 0# $a1º v.ê Arredores de Lisboa. - 48 p.$a2º v.: Estradas do Minho. - 48 p.$a3º v.: Estradas Lisboa ao Porto. - 48 p.$a4º v.: Beira Meridional. - 48 p.$a5º v.: Beira Setentrional. - 48 p.$a6º v.: Alto Alentejo. - 48 p.$a7º v.: Estradas do Ribatejo. - 40$a8º v.: Estradas do Baixo Alentejo e Algarve. - 48 p.$a9º v.: Sstradas do Douro e Trás-os-Montes. - 72 p., [1] f. desdobr. 700 #1 $aProença,$bRaúl,$f1884-1941$319283 801 #0 $aPT$bBN$gRPC 966 ## $lBN$mFGMON$p(Doaðc─ao Brito Rato)$sB.R. 15236 966 ## $lBN$mFGMON$sH.G. 15064//13 V. 966 ## $lBN$mFGMON$sTR. 2262 V.$x1 966 ## $lBN$mFGMON$sTR. 2262 V.-D$x1 997 ## $aBIBEOD
Etiqueta de registo: 00561cam 22001811 450 001 991449 003 http://id.bnportugal.gov.pt/bib/catbnp/991449 005 19990627000000.0 095 ## $aPTBN01003705 100 ## $a19980714d1924 m y0pory0103 ba 101 1# $apor$cspa 102 ## $aPT 200 1# $a Os quatro cavaleiros do Apocalipse$eromance$fVicente Blasco Ibañez$gtrad. Raul Proença 210 #9 $aLisboa$cLiv. Peninsular,$d1924 215 ## $a[5], 393, [2] p.$d22 cm 675 ## $a821.134.2-31"18/19"$vBN$zpor$3589012 700 #1 $aBlasco Ibáñez,$bVicente,$f1867-1928$314615 702 #1 $aProença,$bRaúl,$f1884-1941$4730$319283 801 #0 $aPT$bBN$gRPC 966 ## $lBN$mFGMON$sL. 4584 V. 997 ## $aBIBEOD
Etiqueta de registo: 00590cam 22001931 450 001 991451 003 http://id.bnportugal.gov.pt/bib/catbnp/991451 005 19990627000000.0 095 ## $aPTBN01003707 100 ## $a19980714d1924 m y0pory0103 ba 101 1# $apor$cspa 102 ## $aPT 200 1# $a Os quatro cavaleiros do Apocalipse$eromance$fVicente Blasco Ibañez$gtrad. Raul Proença 205 ## $a2ª ed 210 #9 $aLisboa$cLiv. Peninsular,$d1924 215 ## $a[5], 393, [2] p.$d22 cm 675 ## $a821.134.2-31"18/19"$vBN$zpor$3589012 700 #1 $aBlasco Ibáñez,$bVicente,$f1867-1928$314615 702 #1 $aProença,$bRaúl,$f1884-1941$4730$319283 801 #0 $aPT$bBN$gRPC 966 ## $lBN$mFGMON$sL. 4584 V.$x0 966 ## $lBN$mFGMON$sL. 4585 V. 997 ## $aBIBEOD
Etiqueta de registo: 00490cam 022001811 04500 001 296357 003 http://id.bnportugal.gov.pt/bib/catbnp/296357 005 19981228000000.0 095 ## $aPTBN00308308 100 ## $a19870601d19 m y0pora0103 ba 101 0# $apor 102 ## $aPT 200 1# $a A estrada de Lisboa ao Porto$fRaul Proença 210 #9 $aPorto$cLivr. Lello,$d[19--] 215 ## $a48 p.$cil., mapas$d25 cm 225 2# $aEstradas de Portugal$v3 700 #1 $aProença,$bRaúl,$f1884-1941$319283 801 #0 $aPT$bBN$gRPC 966 ## $lBN$mFGMON$sB.R. 2609 997 ## $aBIBEOD
Etiqueta de registo: 00591cam 2200193 450 001 531960 003 http://id.bnportugal.gov.pt/bib/catbnp/531960 005 19990103000000.0 095 ## $aPTBN00735010 100 ## $a19950602d1933 m y0pory0103 ba 101 1# $apor 102 ## $aPT 200 1# $a Os quatro cavaleiros do Apocalipse$eromance$fVicente Blasco Ibañez$gtrad. de Raul Proença 205 ## $a4ª ed 210 #9 $aLisboa$cLivr. Peninsular Editora,$d1933 215 ## $a394, 3 f.$d19 cm 675 ## $a821.134.2-31"18/19"$vBN$zpor$3589012 700 #1 $aBlasco Ibáñez,$bVicente,$f1867-1928$314615 702 #1 $aProença,$bRaúl,$f1884-1941$4730$319283 801 #0 $aPT$bBN$gRPC 966 ## $lBN$mFGMON$sL. 26232 P. 997 ## $aBIBEOD
Etiqueta de registo: 00587cam 22001931 450 001 734230 003 http://id.bnportugal.gov.pt/bib/catbnp/734230 005 19990108000000.0 095 ## $aPTBN00521466 100 ## $a19931213d1943 m y0pory0103 ba 101 1# $apor 102 ## $aPT 200 1# $a Os quatro cavaleiros do Apocalipse$eromance$fVicente Blasco Ibañez$gtrad. Raul Proença 210 #9 $aLisboa$cLivr. Peninsular Editora,$d1943 215 ## $a397, [3] p.$d19 cm 325 1# $aÁudio digital. Lido por João Raimundo. - Lisboa : BNP, 2015. - 14 ficheiros Mp3 (12
h 43 min 22seg) ; 349,4 Mb. - Cota ALDV: 1565daa_001-1565daa_014 339 ## $aBNP $bAudio $cmp3 $dSim $e1565daa_001-1565daa_018$f12:43:22 675 ## $a821.134.2-31"18/19"$vBN$zpor$3589012 700 #1 $aBlasco Ibáñez,$bVicente,$f1867-1928$314615 702 #1 $aProença,$bRaúl,$f1884-1941$4730$319283 702 #1 $aRaimundo,$bJoão Queirós Lopes,$f1933$4550$31215725 801 #0 $aPT$bBN$gRPC 966 ## $lBN$mFGMON$sL. 35400 P. 966 ## $lBN$mINVISU$s1565daa_001-1565daa_014$x0 966 ## $d2c$lBN$mINVISU$s1565c3731$x0 966 ## $d3c$lBN$mINVISU$s1565c3732$x0 966 ## $d4c$lBN$mINVISU$s1565c3733$x0 966 ## $d5c$lBN$mINVISU$s1565c3734$x0 966 ## $d6c$lBN$mINVISU$s1565c3735$x0 966 ## $d7c$lBN$mINVISU$s1565c3736$x0 966 ## $d8c$lBN$mINVISU$s1565c3737$x0 966 ## $d9c$lBN$mINVISU$s1565c3738$x0 997 ## $aBIBEOD 998 ## $aCR601-353
Etiqueta de registo: 02229cam 22004213 450 001 639459 003 http://id.bnportugal.gov.pt/bib/catbnp/639459 005 20020829143600.0 010 ## $a972-31-0578-0 010 ## $a972-31-0627-2 010 ## $a972-31-0635-3 010 ## $a972-31-0163-7 010 ## $a972-31-0164-5 021 ## $aPT$b24016/88 021 ## $aPT$b3542/83 021 ## $aPT$b65141/93 021 ## $aPT$b76706/94 021 ## $aPT$b81308/94 021 ## $aPT$b100309/96 021 ## $aPT$b90766/95 021 ## $aPT$b90767/95 095 ## $aPTBN00851098 100 ## $a19970129e19911996em y0pory0103 ba 101 0# $apor 102 ## $aPT 105 ## $aa g 001yy 106 ## $ar 200 1# $aGuia de Portugal$fRaúl Proença$gapresent. e notas de Sant'Anna Dionísio$ged. Fundação Calouste Gulbenkian 210 #9 $aLisboa$cF.C.G.,$dimp. 1991-1996 215 ## $a8 v.$cil.$d17 cm 324 ## $aReprodução da 1ª edição publicada pela Biblioteca Nacional em 1924 327 1# $a1º v. : Generalidades, Lisboa e arredores. - 3ª reimp. - 1991. - LXVI, 696, [1] p.,
[13] f. desdobr.$a2º v. : Estremadura, Alentejo, Algarve. - 2ª reimp. - 1991. - XLV, 697, [2] p., [13]
f. desdobr.$a3º v., t. I : Beira, Beira Litoral. - 3ª ed. - 1993. - LV, 624, [1] p., [7] f. desdobr.$a3º v., t. II : Beira, Beira Baixa e Beira Alta. - 2ª reimp. - 1994. - LXIV p., p.
625-996, [11] f. desdobr.$a4º v., t. I : Entre Douro e Minho, Douro Litoral. - 3ª ed. - 1994. - XLVI, 703, [2]
p., [9] f. desdobr.$a4º v., t. II : Entre Douro e Minho, Minho. - 3ª ed. - 1996. - XXXVII p., p. 705-1331,
[15] f. desdobr.$a5º v., t. I : Trás-os-Montes e Alto-Douro, Vila Real, Chaves e Barroso. - 3ª ed. -
1995. - XXXIV, 514 p., [6] f. desdobr.$a5º v., t. II : Trás-os-Montes e Alto-Douro, Lamego, Bragança e Miranda. - 3ª ed. -
1995. - XXXVIII p., p. 515-1086, [5] f. desdobr. 515-1086, [1] p., [5] f. desdobr. 675 ## $a908(469)(036)$vBN$zpor$3904664 700 #1 $aProença,$bRaúl,$f1884-1941$319283 702 #1 $aDionísio,$bSantana,$f1902-1991$4212$329110 712 02 $aFundação Calouste Gulbenkian$4340$310631 801 #0 $aPT$bBN$gRPC 966 ## $b003$d5º v.$eParte II$lBN$mFGMON$nUsual Sala Leitura Geral$s908 (469) GUI$x2 966 ## $b003$d1º v.$lBN$mFGMON$nUsual Sala Leitura Geral$s908 (469) GUI$x2 966 ## $b003$d2º v.$lBN$mFGMON$nUsual Sala Leitura Geral$s908 (469) GUI$x2 966 ## $b003$d3º v.$eParte I$lBN$mFGMON$nUsual Sala Leitura Geral$s908 (469) GUI$x2 966 ## $b003$d3º v.$eParte II$lBN$mFGMON$nUsual Sala Leitura Geral$s908 (469) GUI$x2 966 ## $b003$d4º v.$eParte I$lBN$mFGMON$nUsual Sala Leitura Geral$s908 (469) GUI$x2 966 ## $b003$d4º v.$eParte II$lBN$mFGMON$nUsual Sala Leitura Geral$s908 (469) GUI$x2 966 ## $b003$d5º v.$eParte I$lBN$mFGMON$nUsual Sala Leitura Geral$s908 (469) GUI$x2 966 ## $b001$d1º v.$lBN$mFGMON$sH.G. 35835 P.$x2 966 ## $b001$d2º v.$lBN$mFGMON$sH.G. 35836 P.$x2 966 ## $b001$d3º v.$e1ª$lBN$mFGMON$sH.G. 35837 P.$x2 966 ## $b001$d3º v.$e2ª$lBN$mFGMON$sH.G. 35838 P.$x2 966 ## $b001$d4º v.$e1ª$lBN$mFGMON$sH.G. 35839 P.$x2 966 ## $b001$d4º v.$e2ª$lBN$mFGMON$sH.G. 35840 P.$x2 966 ## $b001$d5º v.$e1ª$lBN$mFGMON$sH.G. 35841 P.$x2 966 ## $b001$d5º v.$e2ª$lBN$mFGMON$sH.G. 35842 P.$x2 997 ## $aBIBEOD
Etiqueta de registo: 00254nbm 2200025 450 001 2007177 003 http://id.bnportugal.gov.pt/bib/catbnp/2007177 100 ## $a20181204d1922 k y0pory01030103ba 101 0# $apor 102 ## $aPT 105 ## $ay z 000yy 106 ## $ah 200 1# $aRegras de catalogação. Catálogo Onomástico, Didascálico e Topográfico$f[Raúl Proença] 210 #1 $aLisboa,$d11 de Fevereiro de 1922 300 ## $aExemplar utilizado para «servir na Biblioteca» e que pertenceu a Arnaldo Faria de
Ataíde e Melo; tem a indicação n.º 13, falta a folha de rosto e a "regra" n.º 328
701 #1 $aProença,$bRaúl,$f1884-1941$4070$319283 703 #1 $aMelo,$bArnaldo Faria de Ataíde e,$f1886-1950$3140914 710 01 $aPortugal.$bBiblioteca Nacional de Lisboa$3992452 801 #0 $aPT$bBN$gRPC 966 ## $lBN$mRESARQ$sAHBN/TB/12/Lv. 03
Etiqueta de registo: 00254nbm 2200025 450 001 2007844 003 http://id.bnportugal.gov.pt/bib/catbnp/2007844 100 ## $a20181211d1922 k y0pory01030103ba 101 0# $apor 102 ## $aPT 105 ## $ay z 000yy 106 ## $ah 200 1# $aRegras de Catalogação I-II$f[Raúl Proença] 210 #1 $aLisboa,$d[posterior a 1923] 327 11 $a"Regras de Catalogação" - 2 volumes -, que reunem várias versões, parte impressa datada
de 1921correspondente às alterações feitas em 30.09.1921 às "Regras" de 28.10. 1919,
e versão impressa datada 11.02.1922 e de Maio de 1923; integram intercaladas folhas
dactilogafadas com datas entre 1919 e 1921; o primeiro volume tem a indicação: [exemplar
n.º] 15. Estes exemplares pertenceram à Bibliotecária (?) Manuela Martins 701 #1 $aProença,$bRaúl,$f1884-1941$4070$319283 710 01 $aPortugal.$bBiblioteca Nacional de Lisboa$3992452 801 #0 $aPT$bBN$gRPC 966 ## $lBN$mRESARQ$sAHBN/TB/12/Lv. 04-05
Etiqueta de registo: 00254nbm 2200025 450 001 2007833 003 http://id.bnportugal.gov.pt/bib/catbnp/2007833 100 ## $a20181211d1920 k y0pory01030103ba 101 0# $apor 102 ## $aPT 105 ## $ay z 000yy 106 ## $ah 200 1# $aRegras de Catalogação$f[Raúl Proença] 210 #1 $aLisboa,$d1920 215 ## $a2 livros 327 11 $a2.º volume das "Regras de Catalogação", dois exemplares com várias correcções e acrescentos
701 #1 $aProença,$bRaúl,$f1884-1941$4070$319283 710 01 $aPortugal.$bBiblioteca Nacional de Lisboa$3992452 801 #0 $aPT$bBN$gRPC 966 ## $lBN$mRESARQ$sAHBN/TB/12/Lv. 01-02
Etiqueta de registo: 04786cas 2201021 450 001 90529 003 http://id.bnportugal.gov.pt/bib/catbnp/90529 011 ## $a0870-5291$f0870-5291 021 ## $aPT$b12150/86 100 ## $a19981119a19219999m y0pora01030103ba 101 0# $apor 102 ## $aPT 106 ## $ar 110 ## $aadazz 0uu0 200 1# $aSeara Nova$erevista quinzenal de doutrina e critica$fdir. Raúl Proença 207 #0 $aNº 1 (15 out. 1921)- 210 #9 $aLisboa$cSeara Nova,$d1921- 215 ## $d32 cm 304 ## $aA partir de 1985 passa a ser dirigida por: Ulpiano Nascimento e propr. da Cooperativa
Nova Seara Nova 305 ## $aDe 1985 a 2004 teve uma numeração intermédia: Nº 1 verão de 1985 a Nº 83 pimavera
2004; Retomou a numeração antiga no nº 1685 verão de 2004 317 ## $aBiblioteca Jorge de Sena$5PTBN: J.S. 12250 317 ## $aBiblioteca João Gaspar Simões$5PTBN: P.P. 5102 A. 317 ## $aDoação José Bragança$5PTBN: P.P. 5105 A. 326 ## $aQuinzenal 530 1# $aSeara nova$b(Lisboa) 620 ## $dLisboa 702 #1 $aProença,$bRaúl,$f1884-1941$4300$319283 702 #1 $aNascimento,$bUlpiano,$f1915-2012$3160142 712 02 $aSeara Nova$4650$3964766 712 02 $aCooperativa Nova Seara Nova$4650$31753664 801 #0 $aPT$bBN$gRPC 802 ## $a18 856 40 $2Cópia digital integral dos exemplares 1-1604 (1921/1984) disponível em linha no Portal
Revistas de Ideias e Cultura, incluindo documentação adicional$uhttp://ric.slhi.pt/Seara_Nova/revista 856 40 $uhttps://purl.pt/30362 856 41 $uhttps://purl.pt/30362/service/media/cover/low 958 ## $aBND$bInterno$cDigitalizado 966 ## $lBN$mFGJOR$sJ. 2560 B. 966 ## $lBN$mFGREV$sJ.S. 12250$x3 966 ## $lBN$mFGREV$pDoação José Bragança$sP.P. 3966 A.$x0 966 ## $lBN$mFGREV$pBiblioteca João Gaspar Simões$sP.P. 5102 A.$x3 966 ## $lBN$mFGREV$pDoação José Bragança$sP.P. 5105 A.$x3 966 ## $lBN$mMICROF$sF. 3557-3582 966 ## $lBN$mMICROF$nMicrofilme$sF. 3557 - 3582
Etiqueta de registo: 00254nam 2200025 450 001 1912679 003 http://id.bnportugal.gov.pt/bib/catbnp/1912679 100 ## $a20151019f19201930m y0pory01030103ba 101 0# $apor 102 ## $aPT 105 ## $ay z 000yy 106 ## $ar 200 1# $a[Acerca do integralismo Lusitano]$fRaul Proença 210 #9 $aLisboa$cBiblioteca Nacional,$d[1922] 215 ## $a52 p.$d20 cm 316 ## $aTexto manuscrito na f. de guarda: «Este texto de Raul Proença, começou a ser impresso
nas oficinas gráficas da B.N. Com a suspensão das oficinas, foi a mesma obra suspensa
e nunca foi completada. J. Palma Ferreira»$5PTBN: RES. 4625 P. 700 #1 $aProença,$bRaúl,$f1884-1941$319283 702 #1 $aFerreira,$bJoão Palma,$f1931-1989$4720$320910 712 01 $aPortugal.$bBiblioteca Nacional$4610$33 801 #0 $aPT$bBN$gRPC 966 ## $lBN$mRESIMP$sRES. 4625 P. 997 ## $aBIBEOD
Etiqueta de registo: 00254nbm 2200025 450 001 2070165 003 http://id.bnportugal.gov.pt/bib/catbnp/2070165 100 ## $a20210520d19191921k y0pory01030103ba 101 0# $apor 102 ## $aPT 105 ## $ay z 000yy 106 ## $ah 200 1# $aRegras de Catalogação$f[Raúl Proença] 210 #1 $aLisboa,$d[posterior a 1921] 317 ## $aDocumentação incorporada no Arquivo Histórico da BNP em 19.05.2021 327 11 $a"Regras de Catalogação"- exemplar incompleto, reune várias versões, impressas entre
1919 e 1921, com acrescentos e correcções manuscritas; tem junto um conjunto de fichas
manuscritas relativas à catalogação de obras de diversas temáticas, no início ficha
com a indicação: "Raul Proença - Regras de Catalogação n.º 2 (74)" 701 #1 $aProença,$bRaúl,$f1884-1941$4070$319283 710 01 $aPortugal.$bBiblioteca Nacional de Lisboa$3992452 801 #0 $aPT$bBN$gRPC 966 ## $lBN$mRESARQ$nDocumentação que se encontrava no depósito de duplicados, transferida pelo Serviço
de Aquisições para o Serviço de Coleções de Reservados em 19 de Maio de 2021, para
incorporação no Arquivo Histórico da BNP$sAHBN/TB/12/Cx. 01
Etiqueta de registo: 00254cam 2200025 450 001 2095216 003 http://id.bnportugal.gov.pt/bib/catbnp/2095216 100 ## $a20220317d1921 k y0pory01030103ba 101 0# $apor 102 ## $aPT 105 ## $ay z 000yy 106 ## $ar 200 1# $aCatálogo ideográfico$esub-rubricas gerais$fBiblioteca Nacional$gpref. Raúl Proença 210 #1 $aLisboa$cBiblioteca Nacional,$d1921 215 ## $a36, [3] p.$d28 cm 300 ## $aIntegra o Arquivo Histórico da Biblioteca Nacional, Secção "Trabalhos Bibliográficos.
Catalogação" 316 ## $aExemplar com anotações e correcções manuscritas 702 #1 $aProença,$bRaúl,$f1884-1941$4080$319283 710 01 $aPortugal.$bBiblioteca Nacional$33 801 #0 $aPT$bBN$gRPC 966 ## $lBN$mRESARQ$sAHBN/TB/15/Lv. 01
Etiqueta de registo: 00605nam 2200169 450 001 1262178 003 http://id.bnportugal.gov.pt/bib/catbnp/1262178 100 ## $a20020606d1921 m a0pory01030103ba 101 0# $apor 102 ## $aPT 105 ## $ay z 000yy 106 ## $ar 200 1# $aInstruções relativas à aquisição de verbetes da Biblioteca Nacional$fRaúl Proença 210 #9 $aLisboa$cOficinas Gráficas da Biblioteca Nacional,$d1921 215 ## $a7 p.$d25 cm 225 2# $aBiblioteca do bibliotecário e do arquivista$v2 675 ## $a025.34(469)"1921"(083.74)$vBN$zpor$31857045 675 ## $a021.64(469)"1921"(083.74)$vBN$zpor$31857048 675 ## $a027.54(469)"1921"(083.74)$vBN$zpor$31857047 700 #1 $aProença,$bRaúl,$f1884-1941$319283 801 #0 $aPT$bBN 801 #1 $aFR$bJOUVE 966 ## $lBN$mFGMON$sB.A.D. 2143 V.$x0 966 ## $lBN$mFGMON$sB.A.D. 7930 V.$x3 972 ## $d20221108$e0$vlrevez$z0 973 ## $cigoulao$d20220831 974 ## $d20220816$e0$vaalmeid 997 ## $aBIBEOD
Etiqueta de registo: 00460cam 2200181 450 001 489420 003 http://id.bnportugal.gov.pt/bib/catbnp/489420 100 ## $a19990101d1931 m y0pory01030103ba 101 0# $afre 102 ## $aFR 105 ## $aaf g 000yy 106 ## $ar 200 1# $aPortugal, Madère, Iles Açores$fRaul Proença 210 #9 $aParis$cHachette,$d1931 215 ## $a1 v.$cil.$d17 cm$e1 mapa desdobr 225 2# $a Les guides bleus 317 ## $aDoação de Ana Rita Palmeirim$5PTBN: H.G. 42604 P. 607 ## $aPortugal$j[Guias]$2SIPOR$311071 675 ## $a908(469)(036)$vBN$zpor$3904664 700 #1 $aProença,$bRaúl,$f1884-1941$319283 801 #0 $aPT$bBN$gRPC 966 ## $lBN$mFGMON$sH.G. 22847 P.$x3 966 ## $lBN$mFGMON$sH.G. 42604 P.$x3 971 ## $cmsebas$d20221111 972 ## $e0$z0$d20231109$vmsebas
Etiqueta de registo: 00379nas 2200205 450 001 2136487 003 http://id.bnportugal.gov.pt/bib/catbnp/2136487 100 ## $a20230702b19081908m y0pory01030103ba 101 0# $apor 102 ## $aPT 106 ## $ae 110 ## $accazz 0uu0 200 1# $a O Republicano$ejornal de propaganda democratica republicana$fdir. e propr. Américo Lopes d'Oliveira$gred. princ. Raul Proença 207 #0 $aA. 1, nº 1 (14 jun. 1908) - a. 1, nº 6 (9 ag. 1908) 210 #9 $aAlcobaça$cAmérico Lopes d'Oliveira,$d1908 215 ## $d40 cm 326 ## $aSemanal 620 ## $dAlcobaça 702 #1 $92$aOliveira$bAmérico Lopes de$4300$31886739 702 #1 $aProença,$bRaúl,$f1884-1941$4340$319283 801 #0 $aPT$bBN$gRPC 966 ## $lBN$mFGJOR$sJ. 1779//5 G. $x7
Etiqueta de registo: 00254nbm 2200025 450 001 2149686 003 http://id.bnportugal.gov.pt/bib/catbnp/2149686 100 ## $a20231121f17531910k y0pory01030103ba 101 0# $apor$afre$alat$aeng 102 ## $aPT 105 ## $ay z 000yy 106 ## $ah 200 1# $a [ Documentos de diversas tipologias, nomeadamente, cartas, bilhetes postais, cadernos
de apontamentos, orações e fragmentos]$bManuscrito] 210 #1 $d1753-1910 215 ## $a1 maço ([148] f., 12 cadernos)$d39 cm 300 ## $aOriginais e cópias 304 ## $aTexto em português, latim, inglês e francês 317 ## $aAlguns documentos provenientes dos colégios jesuítas, nomeadamente, do Colégio de
Campolide (carimbo retangular preto "Bibliotheca Collegii Campolidensis") e da livraria
de Santa Teresa de Carnide (nota manuscrita) 327 1# $aInclui entre outros: Cadernos de apontamentos de Raúl Proença "Para os meus alumnos".
Fevereiro 1909$aNota biogáfica de Augusto José Gonçalves Lima$aCaderno de apontamentos de gnomónica$aCaderno de apontamentos sobre "Coisas da Índia"$aCaderno com discurso a favor de D. Miguel$aNota biogáfica de António da Visitação Freire de Carvalho$aConjunto de 7 bilhetes postais, a maioria dirigidos à Inspeção Geral das Bibliotecas
e Arquivos públicos. 1890-1910$aConjunto de 5 cartões de visita$aConjunto de 50 cartas, de diversas personalidades, com temas relacionados com pedidos
de livros e jornais 701 #1 $aProença,$bRaúl,$f1884-1941$4070$319283 701 #1 $aValbom,$bJosé da Costa$4070$3156408 701 #1 $aRodrigues,$bManuel Maria,$f1847-1899$4070$386270 701 #1 $aBarata,$bAntónio Francisco,$f1836-1910$4070$37555 701 #1 $aFigueiredo,$bAntónio Pereira de,$f1725-1797$4070$337623 701 #1 $aAlbuquerque,$bHenrique Zeferino de,$f1842-1925$4070$33885 701 #1 $aBotelho,$bJosé de São Bernardino,$f1742-1827$4070$316159 701 #1 $aAmorim,$bAntónio Maria de,$ffl. 1869-1891$4070$31833528 701 #1 $aSabugosa,$c9º Conde de,$f1851-1923$4070$31098692 701 #1 $aPereira,$bGabriel,$f1847-1911$4070$324739 702 #1 $aAranha,$bBrito,$f1833-1914$4660$35991 702 #1 $aAssunção,$bTomás Lino da,$f1844-1902$4660$379677 712 02 $aCompanhia de Jesus.$bColégio de Campolide$c(Lisboa)$4390$35143 801 #0 $aPT$bBN$gRPC 966 ## $lBN$mRESMAN$sCOD. 9383 971 ## $cplambin$d20231121
Etiqueta de registo: 00000nbm 2200025 450 001 2193792 003 http://id.bnportugal.gov.pt/bib/catbnp/2193792 100 ## $a20241028f1940----k y0pory01030103ba 101 0# $apor 102 ## $aPT 105 ## $ay z 000yy 106 ## $ah 200 1# $a [ Elementos para o 3.º volume do Guia de Portugal]$fRaúl Proença$bManuscrito] 210 #1 $d[Antes de 1940] 215 ## $a[107] f. (3 documentos)$d32 cm 300 ## $aOriginal 307 ## $aFoliação variada e não sequencial: f. [2], 2-6, [1], 2, d-n, r-t, a-c, o-q, 1-12,
[1], 17, 13-14, 5-14, 7-16, [1], b-g, a-j, [1], 1-3, [2], 2-3, a-b, 15-16, 1825, a-c 327 11 $aCapilha com 3 documentos$aBorrão do volume dedicado à Serra da Estrela. Cf. Esp. E7 500 11 $a Espólio Raúl Proença 700 #1 $aProença,$bRaúl,$f1884-1941$319283 801 #0 $aPT$bBN$gRPC 966 ## $lBN$mRESMAN$pR.C. 143889$sMSS. 227, n. 9 $x2 971 ## $d2024PRRMSS 972 ## $e0$z0$d20241031$vanacris
Etiqueta de registo: 00000nbm 2200025 450 001 2193791 003 http://id.bnportugal.gov.pt/bib/catbnp/2193791 100 ## $a20241028f1940----k y0pory01030103ba 101 0# $apor 102 ## $aPT 105 ## $ay z 000yy 106 ## $ah 200 1# $a [ Elementos para o 3.º volume do Guia de Portugal]$fHipólito Raposo$bManuscrito] 210 #1 $d[Antes de 1940] 215 ## $a[97] f.$d32 cm 300 ## $aOriginal 307 ## $aFoliação variada e não sequencial, original: f. 6a, 6-8, 9a-99 327 11 $aBorrão do volume dedicado à Beira Baixa. Cf. Esp. E7 500 11 $aEspólio Raúl Proença 700 #1 $aRaposo,$bHipólito,$f1885-1953$3103337 702 #1 $aProença,$bRaúl,$f1884-1941$4070$319283 801 #0 $aPT$bBN$gRPC 966 ## $lBN$mRESMAN$pR.C. 143889$sMSS. 227, n. 8 $x2 971 ## $d2024PRRMSS 972 ## $e1$z0$d20241031$vanacris
Etiqueta de registo: 00000nbm 2200025 450 001 2193787 003 http://id.bnportugal.gov.pt/bib/catbnp/2193787 100 ## $a20241028f1940----k y0pory01030103ba 101 0# $apor 102 ## $aPT 105 ## $ay z 000yy 106 ## $ah 200 1# $a [ Elementos para o 3.º volume do Guia de Portugal]$fRaúl Proença$bManuscrito] 210 #1 $d[Antes de 1940] 215 ## $a[129] f. (6 documentos)$d32 cm 300 ## $aOriginal 307 ## $aFoliação variada e não sequencial, original: f. [2], a-v, 1-15, 1-4, 6-44, 1-2, 29-30,
36, 46, 35, 42, 44a-b, 45, 47-48, 58-60, e, 217, 37-38, 49-52, 232, 1-2, 1-2, 1-3,
[1], 1-7 327 11 $aCapilha com 6 documentos$aBorrão do volume dedicado à Beira Alta. Cf. Esp. E7 500 11 $aEspólio Raúl Proença 700 #1 $aProença,$bRaúl,$f1884-1941$319283 801 #0 $aPT$bBN$gRPC 966 ## $lBN$mRESMAN$pR. C. 143889$sMSS. 227, n. 7 $x2 971 ## $d2024PRRMSS 972 ## $e1$z0$d20241031$vanacris
Etiqueta de registo: 00000nbm 2200025 450 001 2193784 003 http://id.bnportugal.gov.pt/bib/catbnp/2193784 100 ## $a20241028f1940----k y0pory01030103ba 101 0# $apor 102 ## $aPT 105 ## $ay z 000yy 106 ## $ah 200 1# $a [ Elementos para o 3.º volume do Guia de Portugal]$fRaúl Proença$bManuscrito] 210 #1 $d[Antes de 1940] 215 ## $a[150] f. (8 documentos)$d25 cm 300 ## $aOriginal 307 ## $aFoliação variada e não sequencial: f. 171-192, 233-278, 125-126, 163, 194, 1, 196-210,
[3], 1-3, 1-4, 1-4, 4, 165-166, 211, 214-216, 220-229, 219, 145, 218, 212, 230-231,
213, 164, 1-8, 150-151, 154, 156-162, 327 11 $aCapilha com 8 documentos$aBorrão do volume dedicado à Beira (Excursões de Aveiro). Cf. Esp. E7 500 11 $aEspólio Raúl Proença 700 #1 $aProença,$bRaúl,$f1884-1941$319283 801 #0 $aPT$bBN$gRPC 966 ## $lBN$mRESMAN$pR.C. 143889$sMSS. 227, n. 6 $x2 971 ## $d2024PRRMSS 972 ## $e1$z0$d20241031$vanacris
Etiqueta de registo: 00000nbm 2200025 450 001 2193780 003 http://id.bnportugal.gov.pt/bib/catbnp/2193780 100 ## $a20241028f1940----k y0pory01030103ba 101 0# $fpor 102 ## $aPT 105 ## $ay z 000yy 106 ## $ah 200 1# $a [ Elementos para o 3.º volume do Guia de Portugal]$fRaúl Proença$bManuscrito] 210 #1 $d[Antes de 1940] 215 ## $a[187] f. (9 documentos)$d25 cm 300 ## $aOriginal 307 ## $aFoliação variada e não sequencial, original: f. I-V, 48-66, 141-149, 1-41, 29-33,
32-37, 39-50, [1], 53-57, 1-3, 3a, 4-19, 95-102, 110-111, 109, [1], 119-123, 44, 20-43,
45-47, 67-73, 87-88, 90, 80, 91-94, 124 327 11 $aCapilha com 9 documentos$aBorrão do volume dedicado à Beira (Aveiro, Ria de Aveiro e salinas). Cf. Esp. E7 500 11 $aEspólio Raúl Proença 700 #1 $aProença,$bRaúl,$f1884-1941$319283 801 #0 $aPT$bBN$gRPC 966 ## $lBN$mRESMAN$pR.C. 143889$sMSS. 227, n. 5 $x2 971 ## $d2024PRRMSS 972 ## $e0$z0$d20241031$vanacris
Etiqueta de registo: 00000nbm 2200025 450 001 2193777 003 http://id.bnportugal.gov.pt/bib/catbnp/2193777 100 ## $a20241028f1940----k y0pory01030103ba 101 0# $fpor 102 ## $aPT 105 ## $ay z 000yy 106 ## $ah 200 1# $a [ Elementos para o 3.º volume do Guia de Portugal]$bManuscrito] 210 #1 $d[Antes de 1940] 215 ## $a[266] f. (243 documentos)$d25 cm 300 ## $aOriginal 327 1# $aCapilha com 243 documentos$aBorrão do volume dedicado à Beira (Cercanias de Coimbra). Cf. Esp. E7 500 11 $aEspólio Raúl Proença 700 #1 $aProença,$bRaúl,$f1884-1941$319283 801 #0 $aPT$bBN$gRPC 966 ## $lBN$mRESMAN$pR.C. 143889$sMSS. 227, n. 4 $x2 971 ## $d2024PRRMSS 972 ## $e0$z2$d20241107$vanacris
Etiqueta de registo: 00000nbm 2200025 450 001 2193765 003 http://id.bnportugal.gov.pt/bib/catbnp/2193765 100 ## $a20241028f1927----k y0pory01030103ba 101 0# $apor 102 ## $aPT 105 ## $ay z 000yy 106 ## $ah 200 1# $a [ Elementos para o 3.º volume do Guia de Portugal]$fRaúl Proença$bManuscrito] 210 #1 $d[Depois de 1927] 215 ## $a[376] f. (319 documentos)$d64 cm 300 ## $aOriginal 327 11 $aCapilha com 319 documentos$aProvas tipográficas de 1927 e borrão do volume dedicado à Beira (Coimbra). Cf. Esp.
E7 500 11 $a Espólio Raúl Proença 700 #1 $aProença,$bRaúl,$f1884-1941$319283 801 #0 $aPT$bBN$gRPC 966 ## $lBN$mRESMAN$pR.C. 143889$sMSS. 227, n. 3 $x2 971 ## $d2024PRRMSS 972 ## $e1$z0$d20241031$vanacris
Etiqueta de registo: 00000nbm 2200025 450 001 2193760 003 http://id.bnportugal.gov.pt/bib/catbnp/2193760 100 ## $a20241028f1927----k y0pory01030103ba 101 0# $apor 102 ## $aPT 105 ## $a z 000yy 106 ## $ah 200 1# $a [ Elementos para o 3.º volume do Guia de Portugal]$fRaúl Proença$bManuscrito] 210 #1 $d[Depois de 1927] 215 ## $a[127] f. (11 documentos)$d27 cm 300 ## $aOriginal 307 ## $aFoliação variada e não sequencial, original: f. 1, 3-6, c-d, b, 1-3, 2, 2, 5-6, 3-6,
[1], 4, 13-14, 3, 15, 7-11, 11a, 12, 16-24, 32-36, 25-31, 36a, 37-44, 44a-b, 45-69,
76-95, 1-6, 2-4, [1], 2-5, 2, [3] 327 11 $aCapilha com 11 documentos$aProvas tipográficas de 1927 e borrão do volume dedicado à Beira (Coimbra). Cf. Esp.
E7 500 11 $aEspólio Raúl Proença 700 #1 $aProença,$bRaúl,$f1884-1941$319283 801 #0 $aPT$bBN$gRPC 966 ## $lBN$mFGMON$pR.C. 143889$sMSS. 227, n. 2 $x2 971 ## $d2024PRRMSS 972 ## $e1$z0$d20241030$vanacris
Etiqueta de registo: 00000nbm 2200025 450 001 2193745 003 http://id.bnportugal.gov.pt/bib/catbnp/2193745 100 ## $a20241028f1927----k y0pory01030103ba 101 0# $apor 102 ## $aPT 105 ## $ay z 000yy 106 ## $ah 200 1# $a [ Elementos para o 3.º volume do Guia de Portugal]$fRaúl Proença$bManuscrito] 210 #1 $d[Depois de 1927] 215 ## $a[112] f. (8 documentos)$d33 cm 300 ## $aOriginal 307 ## $aFoliação variada e não sequencial, original: f. 1-6, 1-8, 23-31, r-s, 41-50, 50a,
51-52, [1-2], 68-73, 75-86, 15, 9-10, 1-5, a-b, b2, c-j, [1], k, a-q, a-c, 1-12 327 11 $aProvas tipográficas de 1927, folhas mimeografadas e borrão do volume dedicado à Beira
(Figueira da Foz, Gândara, Coimbra). Cf. Cf. Esp. E7$aCapilha com 8 documentos 500 11 $aEspólio Raúl Proença 700 #1 $aProença,$bRaúl,$f1884-1941$319283 801 #0 $aPT$bBN$gRPC 966 ## $lBN$mRESMAN$pR.C. 143880$sMSS. 227, n. 1 $x7 971 ## $d2024PRRMSS 972 ## $e1$z0$d20241030$vanacris
Etiqueta de registo: 00254nam 2200025 450 001 2226630 003 http://id.bnportugal.gov.pt/bib/catbnp/2226630 100 ## $a20250919d1939 m y0pory01030103ba 101 1# $apor 102 ## $aPT 105 ## $ay z 000ay 106 ## $ar 200 1# $aPáginas de política$e2ª série (1921-23)$fRaúl Proença 210 #9 $aLisboa$cSeara Nova,$d1939 215 ## $a333, [2] p.$d19 cm 317 ## $aBiblioteca João Evangelista Campos Lima$5PTBN: 700 #1 $aProença,$bRaúl,$f1884-1941$319283 801 #0 $aPT$bBN$gRPC 966 ## $lBN$mFGMON$pBiblioteca João Evangelista Campos Lima$x3 971 ## $cjbeatriz$d20250919
Etiqueta de registo: 00254nbm 2200025 450 001 2286650 003 http://id.bnportugal.gov.pt/bib/catbnp/2286650 100 ## $a20260521d1818 k y0pory01030103ba 101 0# $apor 102 ## $aPT 105 ## $ay z 000yy 106 ## $ah 200 1# $a [ Ordens de Serviço de Fidelino de Figueiredo, Jaime Cortesão e Raul Proença, relativas
à reorganização da Biblioteca, alterações ao regulamento, a procedimentos a adoptar
pelos funcionários em cumprimento dos regulamentos da Biblioteca, nomeadamente, leitura
nocturna, convocação de reuniões, proibição de permanência de pessoas estranhas em
determinados espaços dentro da Biblioteca, faltas de pessoal, elaboração de catálogos,
proibição de fumar dentro da Biblioteca, penalizações devido a processos disciplinares,
escalas de serviço, responsabilidades de cada área, admissões, cadastros, relatórios,
requisição à Direcção Geral de Subsistência de bens essenciais para os funcionários,
regras referentes à entrega de obras aos leitores, integração de obras nas respectivas
secções, distribuição de serviços técnicos, e cumprimento no estipulado em decretos] 210 #1 $d23 de Fevereiro de 1918 - 6 de Novembro de 1919 215 ## $a120 doc. (124 f., 4 f. br.)$d34 cm 300 ## $aOriginais assinados por Fidelino de Figueiredo e Jaime Cortesão (Directores da Biblioteca
Nacional), Eduardo Castro Almeida e Basílio de Vasconcelos e Pedro Augusto Azevedo
(Directores interinos da Biblioteca Nacional), e Raul Proença (Sub-Director da Biblioteca
Nacional) 321 1# $aInventário do Arquivo Histórico da Biblioteca Nacional: 1796-1950. Lisboa: BN, 1996.
P. 56-57 321 ## $aSubsídios para a história da Biblioteca Nacional / Manuela D. Domingos. - Lisboa :
Instituto da Biblioteca Nacional e do Livro, 1995. P. 59-62 327 11 $aCopiador de ordens de serviço 700 #1 $aFigueiredo,$bFidelino de,$f1888-1967$337830 701 #1 $aAlmeida,$bEduardo de Castro e,$f1865-1949$4070$345214 701 #1 $aAzevedo,$bPedro de,$f1869-1928$4070$312289 701 #1 $aProença,$bRaúl,$f1884-1941$4070$319283 801 #0 $aPT$bBN$gRPC 966 ## $lBN$mRESARQ$sAHBN/CR/08/Cx. 02-Mc. 03-01-120 971 ## $cmrosario$d20260521
Etiqueta de registo: 00254nbm 2200025 450 001 2286675 003 http://id.bnportugal.gov.pt/bib/catbnp/2286675 100 ## $a20260521d k y0pory01030103ba 101 0# $apor 102 ## $aPT 105 ## $ay z 000yy 106 ## $ah 200 1# $a [ Ordens de Serviço e Avisos de Raúl Proença, Jaime Cortesão, e Fidelino de Figueiredo,
relativas às responsabilidades dos Serviços Técnicos, convocação de reuniões, medidas
para impedir roubos, tolerâncias de ponto, horário de trabalho, suspensão de funcionários,
vencimentos, recompensas, reprensões por comportamento inadequado, justificação de
faltas, trabalho extraordinário, escalas de serviço, substituição na ausência de funcionários,
aquisição de obras, elaboração de catálogos, regras de catalogação, arrumação de livros,procedimentos
a adoptar pelos funcionários em cumprimento dos regulamentos da Biblioteca e legislação,
nomeadamente, normas de disciplina e sigilo, o uso particular de livros pelo funcionários,
colocação de tábua indicadora quando se retira os livros da estante, preenchimento
de senhas de leitura, presença de pessoas estranhas em determinados espaços, vigilância
da sala diurna e nocturna] 210 #1 $aLisboa,$d24 de Novembro de 1919- 22 de Dezembro de 1928 215 ## $a303 doc. (321 f.)$d30 cm 300 ## $aOriginais assinados por Raúl Proença, Jaime Cortesão, Fidelino de Figueiredo, António
Augusto Ferreira de Macedo, Pedro de Azevedo e Joaquim Gualdino Gomes 321 1# $aInventário do Arquivo Histórico da Biblioteca Nacional: 1796-1950. Lisboa: BN, 1996.
P. 56-57 700 #1 $aCortesão,$bJaime,$f1884-1960$319278 701 #1 $aMacedo,$bAntónio Augusto Ferreira de,$f1887-1959$4070$360049 701 #1 $aProença,$bRaúl,$f1884-1941$4070$319283 701 #1 $aFigueiredo,$bFidelino de,$f1888-1967$4070$337830 701 #1 $aAzevedo,$bPedro de,$f1869-1928$4070$312289 701 #1 $aGomes,$bJoaquim Gualdino,$f1858-1948$4070$31760933 801 #0 $aPT$bBN$gRPC 966 ## $lBN$mRESARQ$sAHBN/CR/08/Cx. 02-Mc. 04-01-303 971 ## $cmrosario$d20260522
Etiqueta de registo: 00254nbm 2200025 450 001 2287151 003 http://id.bnportugal.gov.pt/bib/catbnp/2287151 100 ## $a20260528d19191929k y0pory01030103ba 101 0# $apor 102 ## $aPT 105 ## $ay z 000yy 106 ## $ah 200 1# $a [ Livro de registo das Ordens de Serviço da Biblioteca Nacional de Lisboa] 210 #1 $aLisboa,$d24 de Novembro de 1919-20 de Fevereiro de 1929 215 ## $a1 livro (6 f.)$d33 cm 321 1# $aInventário do Arquivo Histórico da Biblioteca Nacional: 1796-1950. Lisboa: BN, 1996.
P. 56-57 327 11 $aOrdens de Serviço (N.º 134-N.º 418), assinadas pelo Director, Jaime Cortesão, e Director
substituto Raúl Proença, relativas a vários aspectos da gestão da Biblioteca: Cumprimento
de regulamentos e instruções, procedimentos administrativos, gestão de pessoal, medidas
para impedir roubos na secção de Reservados, normas para aquisições e incorporações
de obras, o caso do roubo das moedas, aquisição de aparelho para reprodução fotográfica
das obras impressas e manuscritas, regras de catalogação 701 #1 $aCortesão,$bJaime,$f1884-1960$4070$319278 701 #1 $aProença,$bRaúl,$f1884-1941$4070$319283 710 01 $aPortugal.$bBiblioteca Nacional de Lisboa$3992452 801 #0 $aPT$bBN$gRPC 966 ## $lBN$mRESARQ$sAHBN/CR/08/Lv. 02 971 ## $cmrosario$d20260528
Etiqueta de registo: 00254nbm 2200025 450 001 2287210 003 http://id.bnportugal.gov.pt/bib/catbnp/2287210 100 ## $a20260529d19181919k y0pory01030103ba 101 0# $apor 102 ## $aPT 105 ## $ay z 000yy 106 ## $ah 200 1# $a [ Livro de registo das Ordens de Serviço da Biblioteca Nacional de Lisboa] 210 #1 $aLisboa,$d23 de Fevereiro de 1918- 6 de Novembro de1919 215 ## $a1 livro (... f.)$d33 cm 321 1# $aInventário do Arquivo Histórico da Biblioteca Nacional: 1796-1950. Lisboa: BN, 1996.
P. 56-57 327 11 $aOrdens de Serviço (N.º 1-N.º 133), assinadas pelos Directores, Fidelino de Figueiredo,
e Jaime Cortesão, e Director substituto Raúl Proença, relativas a vários aspectos
da gestão da Biblioteca: cumprimento de regulamentos, organização, procedimentos administrativos,
gestão de pessoal (Distribuição de funções e responsabilidades, suspensões, castigos,
admissões, despedimentos, pagamentos, escalas de serviço, livros de ponto), elaboração
de catálogos, entre outros assuntos) 701 #1 $aCortesão,$bJaime,$f1884-1960$4070$319278 701 #1 $aProença,$bRaúl,$f1884-1941$4070$319283 701 #1 $aFigueiredo,$bFidelino de,$f1888-1967$4070$337830 710 01 $aPortugal.$bBiblioteca Nacional de Lisboa$3992452 801 #0 $aPT$bBN$gRPC 966 ## $lBN$mRESARQ$sAHBN/CR/08/Lv. 03 971 ## $cmrosario$d20260529
Etiqueta de registo: 00254nam 2200025 450 001 2286671 003 http://id.bnportugal.gov.pt/bib/catbnp/2286671 010 ## $a972-31-0544-6 021 ## $aPT$b24016/88 100 ## $a20260522e20261924m y0pory01030103ba 101 0# $apor 102 ## $aPT 105 ## $ay g 000yy 106 ## $ar 200 1# $aGuia de Portugal.$hVol. 1$iGeneralidades, Lisboa e arredores$fRaúl Proença$gapresentação e notas Santanna Dionísio 210 #9 $aLisboa$cFundação Calouste Gulbenkian,$d2026 215 ## $aLXIV, 696 p., [12] f. desdobr. 324 ## $aReprod. da 1ª edição publicada pela Biblioteca Nacional de Lisboa em 1924 675 ## $a908(469.411)(036)$vBN$zpor$31012555 700 #1 $aProença,$bRaúl,$f1884-1941$319283 702 #1 $aDionísio,$bSantana,$f1902-1991$4070$329110 801 #0 $aPT$bBN$gRPC 856 41 $uhttp://rnod.bnportugal.gov.pt/ImagesBN/winlibimg.aspx?skey=&doc=2286671&img=222867&save=true 900 ## $aBIBNAC$d20260611 966 ## $lBN$mFGMON$sH.G. 43156 P.$x1 971 ## $cabrito$d20260522 972 ## $e0$z0$d20260611$vlrevez 973 ## $ctrodrigues$d20260529
Etiqueta de registo: 00689cam 02200241 04500 001 35273 003 http://id.bnportugal.gov.pt/bib/catbnp/35273 021 ## $aPT$b3542/82 021 ## $aPT$b3542/83 021 ## $aPT$b3542/84 100 ## $a19870225g19831986m y0pora01030103ba 101 0# $apor 102 ## $aPT 105 ## $aa z 000yy 106 ## $ar 200 1# $aGuia de Portugal$fRaúl Proença$gapresentação de Santana Dionísio 205 ## $a2ª ed 210 #9 $aLisboa$cFundação Calouste Gulbenkian,$dimp. 1983-imp. 1986 215 ## $a3 v.$cil.$d17 cm 327 01 $aV. 3: Beira. T. 1 Beira Litoral. - imp. 1984. - LV p.,624 p., [4] f. desdobr.$aV. 3: Beira. T. 2 Beira Baixa e Beira Alta. - imp. 1985. - LXIV p.,p. 625-996$aV.4: Entre Douro e Minho. T. 2 Minho. - imp. 1986. - XXXVII p.,p. 705-1331, [8] f.
desdobr. 675 ## $a908(469)(036)$vBN$zpor$3904664 700 #1 $aProença,$bRaúl,$f1884-1941$319283 702 #1 $aDionísio,$bSantana,$f1902-1991$4450$329110 801 #0 $aPT$bBN$gRPC 801 #0 $aPT$bBPMP$c2007-08-24$gRPC 966 ## $lBN$mFGMON$nExiste exemplar em livre acesso na Sala de Leitura Geral$sC.G. 8397 P. 966 ## $dV. 3, t. 1$lBN$mFGMON$sH.G. 43157 P.$x1 966 ## $dV. 3, t. 2$lBN$mFGMON$sH.G. 43158 P.$x1 966 ## $dV. 3, t. 2$lBN$mFGMON$sH.G. 43158 P.-D 966 ## $dV. 4, t. 2$lBN$mFGMON$sH.G. 43159 P.$x1 998 ## $aBN003 - 00159
|
|
|